CERN Accelerating science

002789806 001__ 2789806
002789806 005__ 20260408041312.0
002789806 0248_ $$aoai:cds.cern.ch:2789806$$pcerncds:FULLTEXT$$pcerncds:CERN:FULLTEXT$$pcerncds:CERN
002789806 0247_ $$2DOI$$9arXiv$$a10.1016/j.physletb.2022.137393$$qpublication
002789806 035__ $$9arXiv$$aoai:arXiv.org:2111.06106
002789806 035__ $$9Inspire$$a1966120
002789806 037__ $$9arXiv$$aarXiv:2111.06106$$cnucl-ex
002789806 037__ $$9arXiv:reportnumber$$aCERN-EP-2021-232
002789806 041__ $$aeng
002789806 088__ $$9CERN-EP-DRAFT-ALICE-2021-041
002789806 100__ $$aAcharya, Shreyasi$$iINSPIRE-00570928$$tROR:https://ror.org/01v4s0f07$$uCalcutta, VECC
002789806 245__ $$9Elsevier B.V.$$aCharacterizing the initial conditions of heavy-ion collisions at the LHC with mean transverse momentum and anisotropic flow correlations
002789806 269__ $$aGeneva$$bCERN$$c05 Nov 2021
002789806 260__ $$c2022-08-24
002789806 260__ $$c2022-11-10
002789806 300__ $$a20 p
002789806 506__ $$dcds-edboard-alice@cern.ch
002789806 506__ $$malice-member [CERN]
002789806 506__ $$mcds-ph-ep-publications-referee [CERN]
002789806 500__ $$9arXiv$$a20 pages, 2 captioned figures, authors from page 14, published
 version, figures at http://alice-publications.web.cern.ch/node/7506
002789806 520__ $$aCorrelations between mean transverse momentum [$p_{\rm T}$] and anisotropic flow coefficients $v_2$ or $v_3$ are measured as a function of centrality in Pb–Pb and Xe–Xe collisions at $\sqrt{s_{\rm NN}}$ = 5.02 TeV and 5.44 TeV, respectively, with ALICE. In addition, the recently proposed higher-order correlation between [$p_{\rm T}$], $v_2$, and $v_3$ is measured for the first time, which shows an anticorrelation for the presented centrality ranges. These measurements are compared with hydrodynamic calculations using IP-Glasma and TRENTo initial-state shapes, the former based on the Color Glass Condensate effective theory with gluon saturation, and the latter a parameterized model with nucleons as the relevant degrees of freedom. The data are better described by the IP-Glasma rather than the TRENTo based calculations. In particular, Trajectum and JETSCAPE predictions, both based on the TRENTo initial state model but with different parameter settings, fail to describe the measurements. As the correlations between [$p_{\rm T}$] and $v_n$ are mainly driven by the correlations of the size and the shape of the system in the initial state, these new studies pave a novel way to characterize the initial state in relativistic heavy-ion collisions.
002789806 520__ $$9Elsevier B.V.$$aCorrelations between mean transverse momentum <math altimg="si1.svg"><mo stretchy="false">[</mo><msub><mrow><mi>p</mi></mrow><mrow><mi mathvariant="normal">T</mi></mrow></msub><mo stretchy="false">]</mo></math> and anisotropic flow coefficients <math altimg="si2.svg"><msub><mrow><mi>v</mi></mrow><mrow><mn mathvariant="normal">2</mn></mrow></msub></math> or <math altimg="si3.svg"><msub><mrow><mi>v</mi></mrow><mrow><mn mathvariant="normal">3</mn></mrow></msub></math> are measured as a function of centrality in Pb–Pb and Xe–Xe collisions at <math altimg="si4.svg"><msqrt><mrow><msub><mrow><mi>s</mi></mrow><mrow><mi mathvariant="normal">NN</mi></mrow></msub></mrow></msqrt><mo linebreak="goodbreak" linebreakstyle="after">=</mo><mn>5.02</mn></math> TeV and 5.44 TeV, respectively, with ALICE. In addition, the recently proposed higher-order correlation between <math altimg="si1.svg"><mo stretchy="false">[</mo><msub><mrow><mi>p</mi></mrow><mrow><mi mathvariant="normal">T</mi></mrow></msub><mo stretchy="false">]</mo></math>, <math altimg="si2.svg"><msub><mrow><mi>v</mi></mrow><mrow><mn mathvariant="normal">2</mn></mrow></msub></math>, and <math altimg="si3.svg"><msub><mrow><mi>v</mi></mrow><mrow><mn mathvariant="normal">3</mn></mrow></msub></math> is measured for the first time, which shows an anticorrelation for the presented centrality ranges. These measurements are compared with hydrodynamic calculations using IP-Glasma and <math altimg="si5.svg"><msub><mrow><mi mathvariant="normal">T</mi></mrow><mrow><mi mathvariant="normal">R</mi></mrow></msub><mi mathvariant="normal">ENTo</mi></math> initial-state shapes, the former based on the Color Glass Condensate effective theory with gluon saturation, and the latter a parameterized model with nucleons as the relevant degrees of freedom. The data are better described by the IP-Glasma rather than the <math altimg="si5.svg"><msub><mrow><mi mathvariant="normal">T</mi></mrow><mrow><mi mathvariant="normal">R</mi></mrow></msub><mi mathvariant="normal">ENTo</mi></math> based calculations. In particular, Trajectum and JETSCAPE predictions, both based on the <math altimg="si5.svg"><msub><mrow><mi mathvariant="normal">T</mi></mrow><mrow><mi mathvariant="normal">R</mi></mrow></msub><mi mathvariant="normal">ENTo</mi></math> initial state model but with different parameter settings, fail to describe the measurements. As the correlations between <math altimg="si1.svg"><mo stretchy="false">[</mo><msub><mrow><mi>p</mi></mrow><mrow><mi mathvariant="normal">T</mi></mrow></msub><mo stretchy="false">]</mo></math> and <math altimg="si6.svg"><msub><mrow><mi>v</mi></mrow><mrow><mi mathvariant="normal">n</mi></mrow></msub></math> are mainly driven by the correlations of the size and the shape of the system in the initial state, these new studies pave a novel way to characterize the initial state and help pin down the uncertainty of the extracted properties of the quark–gluon plasma recreated in relativistic heavy-ion collisions.
002789806 520__ $$9arXiv$$aCorrelations between mean transverse momentum $[p_{\rm T}]$ and anisotropic flow coefficients $v_{\rm 2}$ or $v_{\rm 3}$ are measured as a function of centrality in Pb$-$Pb and Xe$-$Xe collisions at $\sqrt{s_{\rm NN}} = 5.02$ TeV and 5.44 TeV, respectively, with ALICE. In addition, the recently proposed higher-order correlation between $[p_{\rm T}]$, $v_{\rm 2}$, and $v_{\rm 3}$ is measured for the first time, which shows an anticorrelation for the presented centrality ranges. These measurements are compared with hydrodynamic calculations using IP-Glasma and $\rm T_{R}ENTo$ initial-state shapes, the former based on the Color Glass Condensate effective theory with gluon saturation, and the latter a parameterized model with nucleons as the relevant degrees of freedom. The data are better described by the IP-Glasma rather than the $\rm T_{R}ENTo$ based calculations. In particular, Trajectum and JETSCAPE predictions, both based on the $\rm T_{R}ENTo$ initial state model but with different parameter settings, fail to describe the measurements. As the correlations between $[p_{\rm T}]$ and $v_{\rm n}$ are mainly driven by the correlations of the size and the shape of the system in the initial state, these new studies pave a novel way to characterize the initial state and help pin down the uncertainty of the extracted properties of the quark$-$gluon plasma recreated in relativistic heavy-ion collisions.
002789806 540__ $$3preprint$$aCC BY 4.0$$uhttp://creativecommons.org/licenses/by/4.0/
002789806 540__ $$3publication$$aCC BY 4.0$$fSCOAP3$$uhttp://creativecommons.org/licenses/by/4.0/
002789806 542__ $$3preprint$$dCERN$$g2021
002789806 542__ $$3publication$$dThe Author(s)$$g2022
002789806 562__ $$cPublic comments
002789806 595__ $$aCERN EDS
002789806 65017 $$2arXiv$$ahep-ex
002789806 65017 $$2SzGeCERN$$aParticle Physics - Experiment
002789806 65017 $$2SzGeCERN$$aNuclear Physics - Experiment
002789806 65017 $$2arXiv$$anucl-ex
002789806 6531_ $$9CERN$$arelativistic heavy ion physics
002789806 6531_ $$9CERN$$aquark gluon plasma
002789806 6531_ $$9CERN$$aglobal features
002789806 6531_ $$9CERN$$aparticle correlations and fluctuations
002789806 6531_ $$9CERN$$acollective flow
002789806 6531_ $$9CERN$$aexperimental results
002789806 693__ $$aCERN LHC$$eALICE
002789806 690C_ $$aCERN
002789806 690C_ $$aARTICLE
002789806 700__ $$aAdamova, Dagmar$$iINSPIRE-00261412$$tROR:https://ror.org/05arfhc56$$uRez, Nucl. Phys. Inst.
002789806 700__ $$aAdler, Alexander$$iINSPIRE-00657848$$uGoethe U., Frankfurt, Inst. Inform.
002789806 700__ $$aAdolfsson, Jonatan$$iINSPIRE-00571154$$jORCID:0000-0001-5651-4025$$tROR:https://ror.org/012a77v79$$uLund U.
002789806 700__ $$aAglieri Rinella, Gianluca$$iINSPIRE-00249866$$jORCID:0000-0002-9611-3696$$tROR:https://ror.org/01ggx4157$$uCERN
002789806 700__ $$aAgnello, Michelangelo$$iINSPIRE-00360901$$jORCID:0000-0002-0760-5075$$tROR:https://ror.org/00bgk9508$$uTurin Polytechnic
002789806 700__ $$aAgrawal, Neelima$$iINSPIRE-00381545$$jORCID:0000-0003-0348-9836$$tROR:https://ror.org/04j0x0h93$$uINFN, Bologna
002789806 700__ $$aAhammed, Zubayer$$iINSPIRE-00180720$$tROR:https://ror.org/01v4s0f07$$uCalcutta, VECC
002789806 700__ $$aAhmad, Shakeel$$iINSPIRE-00560210$$tROR:https://ror.org/03kw9gc02$$uAligarh Muslim U.
002789806 700__ $$aAhn, Sang Un$$iINSPIRE-00254695$$jORCID:0000-0001-8847-489X$$tROR:https://ror.org/01k4yrm29$$uKISTI, Daejeon
002789806 700__ $$aAhuja, Ishaan$$tROR:https://ror.org/039965637$$uKosice U.
002789806 700__ $$aAkbar, Zaenal$$tROR:https://ror.org/03d7c1451$$uJakarta LIPI, Indonesian Inst. Sci.
002789806 700__ $$aAkindinov, Alexander$$iINSPIRE-00061314$$jORCID:0000-0002-7388-3022$$tROR:https://ror.org/0238gz740$$uMoscow, ITEP
002789806 700__ $$aAl-turany, Mohammad$$iINSPIRE-00571954$$tROR:https://ror.org/02k8cbn47$$uDarmstadt, EMMI
002789806 700__ $$aAlam, Sk Noor$$iINSPIRE-00415748$$tROR:https://ror.org/03kw9gc02$$uAligarh Muslim U.
002789806 700__ $$aAleksandrov, Dmitry$$iINSPIRE-00158344$$tROR:https://ror.org/00n1nz186$$uKurchatov Inst., Moscow
002789806 700__ $$aAlessandro, Bruno$$iINSPIRE-00250010$$jORCID:0000-0001-9680-4940$$tROR:https://ror.org/01vj6ck58$$uINFN, Turin
002789806 700__ $$aAlfanda, Haidar Mas'ud$$iINSPIRE-00659795$$tROR:https://ror.org/03x1jna21$$uHua-Zhong Normal U.
002789806 700__ $$aAlfaro Molina, Jose Ruben$$iINSPIRE-00249844$$jORCID:0000-0002-4713-7069$$tROR:https://ror.org/01tmp8f25$$uMexico U.
002789806 700__ $$aAli, Bushra$$iINSPIRE-00665816$$tROR:https://ror.org/03kw9gc02$$uAligarh Muslim U.
002789806 700__ $$aAli, Yasir$$iINSPIRE-00574063$$tROR:https://ror.org/00nqqvk19$$uCOMSATS, Islamabad
002789806 700__ $$aAlici, Andrea$$iINSPIRE-00249832$$jORCID:0000-0003-3618-4617$$tROR:https://ror.org/01111rn36$$uBologna U.$$uINFN, Bologna
002789806 700__ $$aAlizadehvandchali, Negin$$tROR:https://ror.org/048sx0r50$$uHouston U.
002789806 700__ $$aAlkin, Anton$$iINSPIRE-00245838$$jORCID:0000-0002-2205-5761$$tROR:https://ror.org/01ggx4157$$uCERN
002789806 700__ $$aAlme, Johan$$iINSPIRE-00249819$$jORCID:0000-0003-0177-0536$$tROR:https://ror.org/03zga2b32$$uBergen U.
002789806 700__ $$aAlocco, Giacomo$$tROR:https://ror.org/03paz5966$$uINFN, Cagliari
002789806 700__ $$aAlt, Torsten$$iINSPIRE-00249807$$tROR:https://ror.org/04cvxnb49$$uFrankfurt U., Inst. Kernphys.
002789806 700__ $$aAltsybeev, Igor$$iINSPIRE-00307325$$jORCID:0000-0002-8079-7026$$tROR:https://ror.org/023znxa73$$uSt. Petersburg State U.
002789806 700__ $$aAnaam, Mustafa$$iINSPIRE-00655662$$tROR:https://ror.org/03x1jna21$$uHua-Zhong Normal U.
002789806 700__ $$aAndrei, Cristian$$iINSPIRE-00249783$$jORCID:0000-0001-8535-0680$$tROR:https://ror.org/00d3pnh21$$uBucharest, IFIN-HH
002789806 700__ $$aAndreou, Dimitra$$iINSPIRE-00640214$$jORCID:0000-0001-6288-0558$$tROR:https://ror.org/00f9tz983$$uNikhef, Amsterdam
002789806 700__ $$aAndronic, Anton$$iINSPIRE-00261430$$jORCID:0000-0002-2372-6117$$tROR:https://ror.org/00pd74e08$$uMunster U.
002789806 700__ $$aAngeletti, Massimo$$iINSPIRE-00656483$$tROR:https://ror.org/01ggx4157$$uCERN
002789806 700__ $$aAnguelov, Venelin$$iINSPIRE-00244018$$tROR:https://ror.org/038t36y30$$uHeidelberg U.
002789806 700__ $$aAntinori, Federico$$iINSPIRE-00175367$$jORCID:0000-0002-7366-8891$$tROR:https://ror.org/00z34yn88$$uINFN, Padua
002789806 700__ $$aAntonioli, Pietro$$iINSPIRE-00058331$$jORCID:0000-0001-7516-3726$$tROR:https://ror.org/04j0x0h93$$uINFN, Bologna
002789806 700__ $$aChandra, Anuj$$jORCID:0000-0002-2205-4419$$tROR:https://ror.org/03kw9gc02$$uAligarh Muslim U.
002789806 700__ $$aApadula, Nicole$$iINSPIRE-00287608$$jORCID:0000-0002-5478-6120$$tROR:https://ror.org/02jbv0t02$$uLBL, Berkeley
002789806 700__ $$aAphecetche, Laurent Bernard$$iINSPIRE-00058998$$jORCID:0000-0001-7662-3878$$tROR:https://ror.org/01kxesq83$$uSUBATECH, Nantes
002789806 700__ $$aAppelshaeuser, Harald$$iINSPIRE-00250020$$tROR:https://ror.org/04cvxnb49$$uFrankfurt U., Inst. Kernphys.
002789806 700__ $$aArcelli, Silvia$$iINSPIRE-00250042$$jORCID:0000-0001-6367-9215$$tROR:https://ror.org/01111rn36$$uBologna U.$$uINFN, Bologna
002789806 700__ $$aArnaldi, Roberta$$iINSPIRE-00261446$$jORCID:0000-0001-6698-9577$$tROR:https://ror.org/01vj6ck58$$uINFN, Turin
002789806 700__ $$aArsene, Ionut Cristian$$iINSPIRE-00261457$$jORCID:0000-0003-2316-9565$$tROR:https://ror.org/01xtthb56$$uOslo U.
002789806 700__ $$aArslandok, Mesut$$iINSPIRE-00245664$$jORCID:0000-0002-3888-8303$$tROR:https://ror.org/03v76x132$$uYale U.
002789806 700__ $$aAugustinus, Andre$$iINSPIRE-00261469$$tROR:https://ror.org/01ggx4157$$uCERN
002789806 700__ $$aAverbeck, Ralf Peter$$iINSPIRE-00063377$$jORCID:0000-0003-4277-4963$$tROR:https://ror.org/02k8cbn47$$uDarmstadt, EMMI
002789806 700__ $$aAziz, Sizar$$jORCID:0000-0002-4333-8090$$tROR:https://ror.org/03gc1p724$$uIJCLab, Orsay
002789806 700__ $$aAzmi, Mohd Danish$$iINSPIRE-00249731$$tROR:https://ror.org/03kw9gc02$$uAligarh Muslim U.
002789806 700__ $$aBadala, Angela$$iINSPIRE-00249728$$jORCID:0000-0002-0569-4828$$tROR:https://ror.org/02pq29p90$$uINFN, Catania
002789806 700__ $$aBaek, Yongwook$$iINSPIRE-00249716$$tROR:https://ror.org/0461cvh40$$uGangneung-Wonju Natl. U.
002789806 700__ $$aBai, Xiaozhi$$iINSPIRE-00653843$$tROR:https://ror.org/02k8cbn47$$tROR:https://ror.org/04c4dkn09$$uDarmstadt, EMMI$$uUSTC, Hefei
002789806 700__ $$aBailhache, Raphaelle Marie$$iINSPIRE-00247346$$tROR:https://ror.org/04cvxnb49$$uFrankfurt U., Inst. Kernphys.
002789806 700__ $$aBailung, Yoshini$$tROR:https://ror.org/01hhf7w52$$uIndian Inst. Tech., Indore
002789806 700__ $$aBala, Renu$$iINSPIRE-00261473$$jORCID:0000-0002-4116-2861$$tROR:https://ror.org/02retg991$$uJammu U.
002789806 700__ $$aBalbino, Alessandro$$tROR:https://ror.org/00bgk9508$$uTurin Polytechnic
002789806 700__ $$aBaldisseri, Alberto$$iINSPIRE-00064101$$jORCID:0000-0002-6186-289X$$tROR:https://ror.org/05k705z76$$uIRFU, Saclay
002789806 700__ $$aBalis, Bartosz$$tROR:https://ror.org/00bas1c41
002789806 700__ $$aBanerjee, Debjani$$tROR:https://ror.org/01a5mqy88$$uBose Inst., Kolkata$$uCAPSS, Kolkata
002789806 700__ $$aBanoo, Zarina$$tROR:https://ror.org/02retg991$$uJammu U.
002789806 700__ $$aBarbera, Roberto$$iINSPIRE-00250052$$jORCID:0000-0001-5971-6415$$tROR:https://ror.org/03a64bh57$$uCatania U.$$uINFN, Catania
002789806 700__ $$aBarioglio, Luca$$iINSPIRE-00575020$$jORCID:0000-0002-7328-9154$$uTech. U., Munich (main)
002789806 700__ $$aBarlou, Maria$$tROR:https://ror.org/04gnjpq42$$uAthens U.
002789806 700__ $$aBarnafoldi, Gergely Gabor$$iINSPIRE-00261490$$jORCID:0000-0001-9223-6480$$tROR:https://ror.org/035dsb084$$uWigner RCP, Budapest
002789806 700__ $$aBarnby, Lee Stuart$$iINSPIRE-00064600$$jORCID:0000-0001-7357-9904$$tROR:https://ror.org/0089bg420$$uDaresbury
002789806 700__ $$aRamillien Barret, Valerie$$iINSPIRE-00261503$$tROR:https://ror.org/0214k6v65$$uClermont-Ferrand U.
002789806 700__ $$aBartels, Clara$$tROR:https://ror.org/04xs57h96$$uLiverpool U.
002789806 700__ $$aBarth, Klaus$$iINSPIRE-00522252$$tROR:https://ror.org/01ggx4157$$uCERN
002789806 700__ $$aBartsch, Esther$$iINSPIRE-00506794$$tROR:https://ror.org/04cvxnb49$$uFrankfurt U., Inst. Kernphys.
002789806 700__ $$aBaruffaldi, Filippo$$tROR:https://ror.org/00240q980$$uPadua U.$$uINFN, Padua
002789806 700__ $$aBastid, Nicole$$iINSPIRE-00065071$$jORCID:0000-0002-6905-8345$$tROR:https://ror.org/0214k6v65$$uClermont-Ferrand U.
002789806 700__ $$aBasu, Sumit$$iINSPIRE-00360931$$tROR:https://ror.org/012a77v79$$uLund U.
002789806 700__ $$aBatigne, Guillaume$$iINSPIRE-00057450$$jORCID:0000-0001-8638-6300$$tROR:https://ror.org/01kxesq83$$uSUBATECH, Nantes
002789806 700__ $$aBatyunya, Boris$$iINSPIRE-00180230$$tROR:https://ror.org/044yd9t77$$uDubna, JINR
002789806 700__ $$aBauri, Dibakar$$iINSPIRE-00664567$$tROR:https://ror.org/02qyf5152$$uIndian Inst. Tech., Mumbai
002789806 700__ $$aBazo Alba, Jose Luis$$iINSPIRE-00047770$$jORCID:0000-0001-9148-9101$$tROR:https://ror.org/00013q465$$uLima, Pont. U. Catolica
002789806 700__ $$aBearden, Ian Gardner$$iINSPIRE-00261515$$jORCID:0000-0003-2784-3094$$tROR:https://ror.org/035b05819$$uBohr Inst.
002789806 700__ $$aBeattie, Caitlin$$jORCID:0000-0001-7431-4051$$tROR:https://ror.org/03v76x132$$uYale U.
002789806 700__ $$aBecht, Pascal$$tROR:https://ror.org/02k8cbn47$$uDarmstadt, EMMI
002789806 700__ $$aBelikov, Iouri$$iINSPIRE-00250068$$tROR:https://ror.org/01g3mb532$$uStrasbourg, IPHC
002789806 700__ $$aBell Hechavarria, Ailec$$tROR:https://ror.org/00pd74e08$$uMunster U.
002789806 700__ $$aBellini, Francesca$$iINSPIRE-00244351$$jORCID:0000-0003-3498-4661$$tROR:https://ror.org/01111rn36$$uBologna U.$$uINFN, Bologna
002789806 700__ $$aBellwied, Rene$$iINSPIRE-00180735$$tROR:https://ror.org/048sx0r50$$uHouston U.
002789806 700__ $$aBelokurova, Svetlana$$tROR:https://ror.org/023znxa73$$uSt. Petersburg State U.
002789806 700__ $$aBelyaev, Vladimir$$iINSPIRE-00386131$$tROR:https://ror.org/04w8z7f34$$uMoscow Phys. Eng. Inst.
002789806 700__ $$aBencedi, Gyula$$iINSPIRE-00360943$$jORCID:0000-0002-9040-5292$$tROR:https://ror.org/01tmp8f25$$tROR:https://ror.org/035dsb084$$uMexico U., ICN$$uWigner RCP, Budapest
002789806 700__ $$aBeole, Stefania Maria$$iINSPIRE-00261543$$jORCID:0000-0003-4673-8038$$tROR:https://ror.org/048tbm396$$uTurin U.$$uINFN, Turin
002789806 700__ $$aBercuci, Alexandru$$iINSPIRE-00261560$$tROR:https://ror.org/00d3pnh21$$uBucharest, IFIN-HH
002789806 700__ $$aBerdnikov, Yaroslav$$iINSPIRE-00066204$$jORCID:0000-0003-0309-5917$$tROR:https://ror.org/037styt87$$uSt. Petersburg, INP
002789806 700__ $$aBerdnikova, Anastasia$$jORCID:0000-0003-3705-7898$$tROR:https://ror.org/038t36y30$$uHeidelberg U.
002789806 700__ $$aBergmann, Luisa$$tROR:https://ror.org/038t36y30$$uHeidelberg U.
002789806 700__ $$aBesoiu, Mihaela Gabriela$$tROR:https://ror.org/054a6wv56$$uBucharest, Inst. Space Science
002789806 700__ $$aBetev, Latchezar$$iINSPIRE-00250085$$tROR:https://ror.org/01ggx4157$$uCERN
002789806 700__ $$aBhaduri, Partha Pratim$$iINSPIRE-00574074$$tROR:https://ror.org/01v4s0f07$$uCalcutta, VECC
002789806 700__ $$aBhasin, Anju$$iINSPIRE-00180740$$jORCID:0000-0002-3687-8179$$tROR:https://ror.org/02retg991$$uJammu U.
002789806 700__ $$aBhat, Inayat Rasool$$iINSPIRE-00415990$$tROR:https://ror.org/02retg991$$uJammu U.
002789806 700__ $$aBhat, Mohammad Asif$$tROR:https://ror.org/01a5mqy88$$uBose Inst., Kolkata$$uCAPSS, Kolkata
002789806 700__ $$aBhattacharjee, Buddhadeb$$iINSPIRE-00385476$$jORCID:0000-0002-3755-0992$$tROR:https://ror.org/01ppj9r51$$uGauhati U.
002789806 700__ $$aBhattacharya, Purba$$tROR:https://ror.org/003109y17$$uCagliari U.$$uINFN, Cagliari
002789806 700__ $$aBianchi, Livio$$iINSPIRE-00254651$$jORCID:0000-0003-1664-8189$$tROR:https://ror.org/048tbm396$$uTurin U.$$uINFN, Turin
002789806 700__ $$aBianchi, Nicola$$iINSPIRE-00139110$$jORCID:0000-0001-6861-2810$$tROR:https://ror.org/049jf1a25$$uFrascati
002789806 700__ $$aBielcik, Jaroslav$$iINSPIRE-00180768$$jORCID:0000-0003-4940-2441$$tROR:https://ror.org/03kqpb082$$uPrague, Tech. U.
002789806 700__ $$aBielcikova, Jana$$iINSPIRE-00180776$$jORCID:0000-0003-1659-0394$$tROR:https://ror.org/05arfhc56$$uRez, Nucl. Phys. Inst.
002789806 700__ $$aBiernat, Jacek Bogumil$$jORCID:0000-0001-5613-7629$$tROR:https://ror.org/01n78t774$$uCracow, INP
002789806 700__ $$aBilandzic, Ante$$iINSPIRE-00261580$$jORCID:0000-0003-0002-4654$$uTech. U., Munich (main)
002789806 700__ $$aBiro, Gabor$$iINSPIRE-00548333$$tROR:https://ror.org/035dsb084$$uWigner RCP, Budapest
002789806 700__ $$aBiswas, Saikat$$iINSPIRE-00525263$$jORCID:0000-0003-3578-5373$$tROR:https://ror.org/01a5mqy88$$uBose Inst., Kolkata$$uCAPSS, Kolkata
002789806 700__ $$aBlair, Justin Thomas$$iINSPIRE-00531266$$jORCID:0000-0002-4681-3002$$tROR:https://ror.org/00hj54h04$$uTexas U.
002789806 700__ $$aBlau, Dmitry$$iINSPIRE-00247320$$jORCID:0000-0002-4266-8338$$tROR:https://ror.org/00v0z9322$$tROR:https://ror.org/00n1nz186$$uMoscow, MIPT$$uKurchatov Inst., Moscow
002789806 700__ $$aBlidaru, Mihail Bogdan$$tROR:https://ror.org/02k8cbn47$$uDarmstadt, EMMI
002789806 700__ $$aBlume, Christoph$$iINSPIRE-00067666$$tROR:https://ror.org/04cvxnb49$$uFrankfurt U., Inst. Kernphys.
002789806 700__ $$aBoca, Gianluigi$$iINSPIRE-00067697$$jORCID:0000-0002-2829-5950$$tROR:https://ror.org/00s6t1f81$$tROR:https://ror.org/01st30669$$uPavia U.$$uINFN, Pavia
002789806 700__ $$aBock, Friederike$$iINSPIRE-00246175$$jORCID:0000-0003-4185-2093$$tROR:https://ror.org/01qz5mb56$$uOak Ridge
002789806 700__ $$aBogdanov, Alexey$$iINSPIRE-00261637$$tROR:https://ror.org/04w8z7f34$$uMoscow Phys. Eng. Inst.
002789806 700__ $$aBoi, Stefano$$jORCID:0000-0002-5942-812X$$tROR:https://ror.org/003109y17$$uCagliari U.$$uINFN, Cagliari
002789806 700__ $$aBok, Jeongsu$$jORCID:0000-0001-6283-2927$$tROR:https://ror.org/01easw929$$uInha U.
002789806 700__ $$aBoldizsar, Laszlo$$iINSPIRE-00307799$$tROR:https://ror.org/035dsb084$$uWigner RCP, Budapest
002789806 700__ $$aBolozdynya, Alexander$$iINSPIRE-00261323$$tROR:https://ror.org/04w8z7f34$$uMoscow Phys. Eng. Inst.
002789806 700__ $$aBombara, Marek$$iINSPIRE-00261642$$jORCID:0000-0001-7333-224X$$tROR:https://ror.org/039965637$$uKosice U.
002789806 700__ $$aBond, Peter Matthew$$iINSPIRE-00571964$$tROR:https://ror.org/01ggx4157$$uCERN
002789806 700__ $$aBonomi, Germano$$iINSPIRE-00068097$$jORCID:0000-0003-1618-9648$$tROR:https://ror.org/01st30669$$tROR:https://ror.org/02q2d2610$$uINFN, Pavia$$uU. Brescia
002789806 700__ $$aBorel, Herve$$iINSPIRE-00068253$$jORCID:0000-0001-8879-6290$$tROR:https://ror.org/05k705z76$$uIRFU, Saclay
002789806 700__ $$aBorissov, Alexander$$iINSPIRE-00254729$$tROR:https://ror.org/00v0z9322$$uMoscow, MIPT
002789806 700__ $$aBossi, Hannah$$jORCID:0000-0001-7602-6432$$tROR:https://ror.org/03v76x132$$uYale U.
002789806 700__ $$aBotta, Elena$$iINSPIRE-00250108$$jORCID:0000-0002-5054-1521$$tROR:https://ror.org/048tbm396$$uTurin U.$$uINFN, Turin
002789806 700__ $$aBratrud, Lars$$iINSPIRE-00246212$$tROR:https://ror.org/04cvxnb49$$uFrankfurt U., Inst. Kernphys.
002789806 700__ $$aBraun-munzinger, Peter$$iINSPIRE-00069060$$jORCID:0000-0003-2527-0720$$tROR:https://ror.org/02k8cbn47$$uDarmstadt, EMMI
002789806 700__ $$aBregant, Marco$$iINSPIRE-00261672$$jORCID:0000-0001-9610-5218$$tROR:https://ror.org/036rp1748$$uSao Paulo U.
002789806 700__ $$aBroz, Michal$$iINSPIRE-00246094$$jORCID:0000-0002-3075-1556$$tROR:https://ror.org/03kqpb082$$uPrague, Tech. U.
002789806 700__ $$aBruno, Giuseppe Eugenio$$iINSPIRE-00314938$$jORCID:0000-0001-6247-9633$$tROR:https://ror.org/027ynra39$$tROR:https://ror.org/03c44v465$$uBari U.$$uINFN, Bari$$uBari Polytechnic
002789806 700__ $$aBuckland, Matthew Daniel$$iINSPIRE-00656053$$tROR:https://ror.org/02n742c10$$tROR:https://ror.org/04xs57h96$$uTrieste U.$$uINFN, Trieste$$uLiverpool U.
002789806 700__ $$aBudnikov, Dmitry$$iINSPIRE-00249577$$tROR:https://ror.org/0560q5470$$uRFNC-VNIIEF, Sarov
002789806 700__ $$aBuesching, Henner$$iINSPIRE-00241182$$tROR:https://ror.org/04cvxnb49$$uFrankfurt U., Inst. Kernphys.
002789806 700__ $$aBufalino, Stefania$$iINSPIRE-00289290$$jORCID:0000-0002-0413-9478$$tROR:https://ror.org/00bgk9508$$uTurin Polytechnic
002789806 700__ $$aBugnon, Ophelie$$tROR:https://ror.org/01kxesq83$$uSUBATECH, Nantes
002789806 700__ $$aBuhler, Paul Alois$$iINSPIRE-00563836$$jORCID:0000-0003-2049-1380$$tROR:https://ror.org/05kdjqf72$$uStefan Meyer Inst. Subatomare Phys.
002789806 700__ $$aButhelezi, Edith Zinhle$$iINSPIRE-00261702$$jORCID:0000-0002-8880-1608$$tROR:https://ror.org/002kje223$$tROR:https://ror.org/03rp50x72$$uiThemba LABS$$uWitwatersrand U.
002789806 700__ $$aBashir Butt, Jamila$$iINSPIRE-00040297$$tROR:https://ror.org/00nqqvk19$$uCOMSATS, Islamabad
002789806 700__ $$aBylinkin, Aleksandr$$tROR:https://ror.org/001tmjg57$$uKansas U.
002789806 700__ $$aBysiak, Sebastian Adam$$tROR:https://ror.org/01n78t774$$uCracow, INP
002789806 700__ $$aCai, Mengke$$tROR:https://ror.org/03x1jna21$$tROR:https://ror.org/00240q980$$uHua-Zhong Normal U.$$uPadua U.$$uINFN, Padua
002789806 700__ $$aCaines, Helen Louise$$iINSPIRE-00177317$$jORCID:0000-0002-1595-411X$$tROR:https://ror.org/03v76x132$$uYale U.
002789806 700__ $$aCaliva, Alberto$$iINSPIRE-00382423$$jORCID:0000-0002-2543-0336$$tROR:https://ror.org/02k8cbn47$$uDarmstadt, EMMI
002789806 700__ $$aCalvo Villar, Ernesto$$iINSPIRE-00248154$$tROR:https://ror.org/00013q465$$uLima, Pont. U. Catolica
002789806 700__ $$aMejia Camacho, Juan Manuel$$uSinaloa U.
002789806 700__ $$aSoto Camacho, Rabi$$iINSPIRE-00644124$$tROR:https://ror.org/03p2z7827$$uPuebla U., Mexico
002789806 700__ $$aCamerini, Paolo$$iINSPIRE-00070739$$jORCID:0000-0002-9261-9497$$tROR:https://ror.org/02n742c10$$uTrieste U.$$uINFN, Trieste
002789806 700__ $$aDe Moraes Canedo, Fabio$$tROR:https://ror.org/036rp1748$$uSao Paulo U.
002789806 700__ $$aCarnesecchi, Francesca$$iINSPIRE-00531272$$jORCID:0000-0001-9981-7536$$tROR:https://ror.org/01111rn36$$tROR:https://ror.org/01ggx4157$$uBologna U.$$uINFN, Bologna$$uCERN
002789806 700__ $$aCaron, Robin Albert Andre$$jORCID:0000-0001-7610-8673$$tROR:https://ror.org/05k705z76$$uIRFU, Saclay
002789806 700__ $$aCastillo Castellanos, Javier Ernesto$$iINSPIRE-00247261$$jORCID:0000-0002-5187-2779$$tROR:https://ror.org/05k705z76$$uIRFU, Saclay
002789806 700__ $$aCasula, Ester Anna Rita$$iINSPIRE-00360992$$jORCID:0000-0003-3599-4570$$tROR:https://ror.org/003109y17$$uCagliari U.$$uINFN, Cagliari
002789806 700__ $$aCatalano, Fabio$$jORCID:0000-0002-0722-7692$$tROR:https://ror.org/00bgk9508$$uTurin Polytechnic
002789806 700__ $$aCeballos Sanchez, Cesar$$iINSPIRE-00361004$$jORCID:0000-0002-0985-4155$$tROR:https://ror.org/044yd9t77$$uDubna, JINR
002789806 700__ $$aChakraborty, Pritam$$iINSPIRE-00664789$$tROR:https://ror.org/02qyf5152$$uIndian Inst. Tech., Mumbai
002789806 700__ $$aChandra, Sinjini$$iINSPIRE-00576517$$jORCID:0000-0003-4238-2302$$tROR:https://ror.org/01v4s0f07$$uCalcutta, VECC
002789806 700__ $$aChapeland, Sylvain$$iINSPIRE-00249510$$jORCID:0000-0003-4511-4784$$tROR:https://ror.org/01ggx4157$$uCERN
002789806 700__ $$aChartier, Marielle$$iINSPIRE-00385460$$jORCID:0000-0003-0578-5567$$tROR:https://ror.org/04xs57h96$$uLiverpool U.
002789806 700__ $$aChattopadhyay, Subhasis$$iINSPIRE-00180920$$tROR:https://ror.org/01v4s0f07$$uCalcutta, VECC
002789806 700__ $$aChattopadhyay, Sukalyan$$iINSPIRE-00207158$$tROR:https://ror.org/0491yz035$$uSaha Inst.
002789806 700__ $$aGarcia Chavez, Tonatiuh$$tROR:https://ror.org/03p2z7827$$uPuebla U., Mexico
002789806 700__ $$aCheng, Tiantian$$tROR:https://ror.org/03x1jna21$$uHua-Zhong Normal U.
002789806 700__ $$aCheshkov, Cvetan Valeriev$$iINSPIRE-00261739$$tROR:https://ror.org/03z4c6358$$uIP2I, Lyon
002789806 700__ $$aCheynis, Brigitte$$iINSPIRE-00250110$$jORCID:0000-0002-4891-5168$$tROR:https://ror.org/03z4c6358$$uIP2I, Lyon
002789806 700__ $$aChibante Barroso, Vasco Miguel$$iINSPIRE-00249506$$jORCID:0000-0001-6837-3362$$tROR:https://ror.org/01ggx4157$$uCERN
002789806 700__ $$aDobrigkeit Chinellato, David$$iINSPIRE-00254605$$jORCID:0000-0002-9982-9577$$tROR:https://ror.org/04wffgt70$$uCampinas State U.
002789806 700__ $$aCho, Soyeon$$iINSPIRE-00537064$$jORCID:0000-0003-0000-2674$$tROR:https://ror.org/01easw929$$uInha U.
002789806 700__ $$aChochula, Peter$$iINSPIRE-00186177$$tROR:https://ror.org/01ggx4157$$uCERN
002789806 700__ $$aChristakoglou, Panagiotis$$iINSPIRE-00261752$$jORCID:0000-0002-4325-0646$$tROR:https://ror.org/00f9tz983$$uNikhef, Amsterdam
002789806 700__ $$aChristensen, Christian Holm$$iINSPIRE-00228862$$jORCID:0000-0002-1850-0121$$tROR:https://ror.org/035b05819$$uBohr Inst.
002789806 700__ $$aChristiansen, Peter$$iINSPIRE-00254597$$jORCID:0000-0001-7066-3473$$tROR:https://ror.org/012a77v79$$uLund U.
002789806 700__ $$aChujo, Tatsuya$$iINSPIRE-00073415$$jORCID:0000-0001-5433-969X$$tROR:https://ror.org/02956yf07$$uTsukuba U.
002789806 700__ $$aCicalo, Corrado$$iINSPIRE-00289316$$jORCID:0000-0001-5129-1723$$tROR:https://ror.org/03paz5966$$uINFN, Cagliari
002789806 700__ $$aCifarelli, Luisa$$iINSPIRE-00172106$$jORCID:0000-0002-6806-3206$$tROR:https://ror.org/01111rn36$$uBologna U.$$uINFN, Bologna
002789806 700__ $$aCindolo, Federico$$iINSPIRE-00073552$$jORCID:0000-0002-4255-7347$$tROR:https://ror.org/04j0x0h93$$uINFN, Bologna
002789806 700__ $$aCiupek, Michael Rudolf$$tROR:https://ror.org/02k8cbn47$$uDarmstadt, EMMI
002789806 700__ $$aClai, Giulia$$tROR:https://ror.org/04j0x0h93$$uINFN, Bologna
002789806 700__ $$aCleymans, Jean Willy Andre$$iINSPIRE-00073783$$tROR:https://ror.org/03p74gp79$$uCape Town U.
002789806 700__ $$aColamaria, Fabio Filippo$$iINSPIRE-00246108$$jORCID:0000-0003-2677-7961$$tROR:https://ror.org/022hq6c49$$uINFN, Bari
002789806 700__ $$aColburn, Jonathan Samuel$$tROR:https://ror.org/03angcq70$$uBirmingham U.
002789806 700__ $$aColella, Domenico$$iINSPIRE-00361034$$jORCID:0000-0001-9102-9500$$tROR:https://ror.org/027ynra39$$tROR:https://ror.org/022hq6c49$$tROR:https://ror.org/03c44v465$$uBari U.$$uINFN, Bari$$uBari Polytechnic
002789806 700__ $$aCollu, Alberto$$iINSPIRE-00361046$$tROR:https://ror.org/02jbv0t02$$uLBL, Berkeley
002789806 700__ $$aColocci, Manuel$$iINSPIRE-00382468$$jORCID:0000-0001-7804-0721$$tROR:https://ror.org/01ggx4157$$uCERN
002789806 700__ $$aConcas, Matteo$$iINSPIRE-00583454$$jORCID:0000-0003-4167-9665$$tROR:https://ror.org/01vj6ck58$$uINFN, Turin
002789806 700__ $$aConesa Balbastre, Gustavo$$iINSPIRE-00247256$$jORCID:0000-0001-5283-3520$$tROR:https://ror.org/03f0apy98$$uLPSC, Grenoble
002789806 700__ $$aConesa Del Valle, Zaida$$iINSPIRE-00026575$$jORCID:0000-0002-7602-2930$$tROR:https://ror.org/03gc1p724$$uIJCLab, Orsay
002789806 700__ $$aContin, Giacomo$$iINSPIRE-00249470$$tROR:https://ror.org/02n742c10$$uTrieste U.$$uINFN, Trieste
002789806 700__ $$aContreras Nuno, Jesus Guillermo$$iINSPIRE-00240060$$jORCID:0000-0002-9677-5294$$tROR:https://ror.org/03kqpb082$$uPrague, Tech. U.
002789806 700__ $$aCoquet, Maurice Louis$$jORCID:0000-0002-8343-8758$$tROR:https://ror.org/05k705z76$$uIRFU, Saclay
002789806 700__ $$aCormier, Thomas Michael$$iINSPIRE-00261783$$tROR:https://ror.org/01qz5mb56$$uOak Ridge
002789806 700__ $$aCortese, Pietro$$iINSPIRE-00037929$$jORCID:0000-0003-2778-6421$$tROR:https://ror.org/04387x656$$uPiemonte Orientale U., Alessandria
002789806 700__ $$aCosentino, Mauro Rogerio$$iINSPIRE-00289338$$jORCID:0000-0002-7880-8611$$tROR:https://ror.org/028kg9j04$$uABC Federal U.
002789806 700__ $$aCosta, Filippo$$iINSPIRE-00289393$$tROR:https://ror.org/01ggx4157$$uCERN
002789806 700__ $$aCostanza, Susanna$$iINSPIRE-00563963$$tROR:https://ror.org/00s6t1f81$$tROR:https://ror.org/01st30669$$uPavia U.$$uINFN, Pavia
002789806 700__ $$aCrochet, Philippe$$iINSPIRE-00250128$$jORCID:0000-0001-7528-6523$$tROR:https://ror.org/0214k6v65$$uClermont-Ferrand U.
002789806 700__ $$aCruz Torres, Reynier$$jORCID:0000-0001-6359-0608$$tROR:https://ror.org/02jbv0t02$$uLBL, Berkeley
002789806 700__ $$aCuautle Flores, Eleazar$$iINSPIRE-00075170$$tROR:https://ror.org/01tmp8f25$$uMexico U., ICN
002789806 700__ $$aCui, Pengyao$$tROR:https://ror.org/03x1jna21$$uHua-Zhong Normal U.
002789806 700__ $$aCunqueiro Mendez, Leticia$$iINSPIRE-00289410$$tROR:https://ror.org/01qz5mb56$$uOak Ridge
002789806 700__ $$aDainese, Andrea$$iINSPIRE-00250006$$jORCID:0000-0002-2166-1874$$tROR:https://ror.org/00z34yn88$$uINFN, Padua
002789806 700__ $$aDanisch, Meike Charlotte$$iINSPIRE-00560270$$tROR:https://ror.org/038t36y30$$uHeidelberg U.
002789806 700__ $$aDanu, Andrea$$iINSPIRE-00249445$$jORCID:0000-0002-8899-3654$$tROR:https://ror.org/054a6wv56$$uBucharest, Inst. Space Science
002789806 700__ $$aDas, Prottay$$tROR:https://ror.org/02r2k1c68$$uNISER, Jatni
002789806 700__ $$aDas, Prottoy$$tROR:https://ror.org/01a5mqy88$$uBose Inst., Kolkata$$uCAPSS, Kolkata
002789806 700__ $$aDas, Supriya$$iINSPIRE-00058401$$jORCID:0000-0002-2678-6780$$tROR:https://ror.org/01a5mqy88$$uBose Inst., Kolkata$$uCAPSS, Kolkata
002789806 700__ $$aDash, Sadhana$$iINSPIRE-00181086$$tROR:https://ror.org/02qyf5152$$uIndian Inst. Tech., Mumbai
002789806 700__ $$aDe Caro, Annalisa$$iINSPIRE-00249410$$jORCID:0000-0002-7865-4202$$tROR:https://ror.org/0192m2k53$$uSalerno U.$$uINFN, Salerno
002789806 700__ $$aDe Cataldo, Giacinto$$iINSPIRE-00289454$$jORCID:0000-0002-3220-4505$$tROR:https://ror.org/022hq6c49$$uINFN, Bari
002789806 700__ $$aDe Cilladi, Lorenzo$$jORCID:0000-0002-5986-3842$$tROR:https://ror.org/048tbm396$$uTurin U.$$uINFN, Turin
002789806 700__ $$aDe Cuveland, Jan$$iINSPIRE-00249403$$tROR:https://ror.org/04cvxnb49$$uFrankfurt U., FIAS
002789806 700__ $$aDe Falco, Alessandro$$iINSPIRE-00080339$$jORCID:0000-0002-0830-4872$$tROR:https://ror.org/003109y17$$uCagliari U.$$uINFN, Cagliari
002789806 700__ $$aDe Gruttola, Daniele$$iINSPIRE-00249391$$jORCID:0000-0002-7055-6181$$tROR:https://ror.org/0192m2k53$$uSalerno U.$$uINFN, Salerno
002789806 700__ $$aDe Marco, Nora$$iINSPIRE-00254814$$jORCID:0000-0002-5884-4404$$tROR:https://ror.org/01vj6ck58$$uINFN, Turin
002789806 700__ $$aDe Martin, Chiara$$tROR:https://ror.org/02n742c10$$uTrieste U.$$uINFN, Trieste
002789806 700__ $$aDe Pasquale, Salvatore$$iINSPIRE-00114896$$jORCID:0000-0001-9236-0748$$tROR:https://ror.org/0192m2k53$$uSalerno U.$$uINFN, Salerno
002789806 700__ $$aDeb, Suman$$tROR:https://ror.org/01hhf7w52$$uIndian Inst. Tech., Indore
002789806 700__ $$aFranz Degenhardt, Hermann$$iINSPIRE-00564005$$tROR:https://ror.org/036rp1748$$uSao Paulo U.
002789806 700__ $$aDeja, Kamil Rafal$$tROR:https://ror.org/00y0xnp53$$uWarsaw U. of Tech.
002789806 700__ $$aDel Grande, Raffaele$$uTech. U., Munich (main)
002789806 700__ $$aDello Stritto, Luigi$$jORCID:0000-0001-6700-7950$$tROR:https://ror.org/0192m2k53$$uSalerno U.$$uINFN, Salerno
002789806 700__ $$aDeng, Wenjing$$tROR:https://ror.org/03x1jna21$$uHua-Zhong Normal U.
002789806 700__ $$aDhankher, Preeti$$iINSPIRE-00531295$$tROR:https://ror.org/01an7q238$$uUC, Berkeley
002789806 700__ $$aDi Bari, Domenico$$iINSPIRE-00064510$$jORCID:0000-0002-5559-8906$$tROR:https://ror.org/027ynra39$$uBari U.$$uINFN, Bari
002789806 700__ $$aDi Mauro, Antonio$$iINSPIRE-00105894$$tROR:https://ror.org/01ggx4157$$uCERN
002789806 700__ $$aArteche Diaz, Raul$$iINSPIRE-00646030$$uHavana, CEADEN
002789806 700__ $$aDietel, Thomas$$iINSPIRE-00262178$$jORCID:0000-0002-2065-6256$$tROR:https://ror.org/03p74gp79$$uCape Town U.
002789806 700__ $$aDing, Yanchun$$iINSPIRE-00651736$$tROR:https://ror.org/03x1jna21$$tROR:https://ror.org/03z4c6358$$uHua-Zhong Normal U.$$uIP2I, Lyon
002789806 700__ $$aDivia, Roberto$$iINSPIRE-00262189$$jORCID:0000-0002-6357-7857$$tROR:https://ror.org/01ggx4157$$uCERN
002789806 700__ $$aDixit, Dhruv Utpalkumar$$tROR:https://ror.org/01an7q238$$uUC, Berkeley
002789806 700__ $$aDjuvsland, Oeystein$$iINSPIRE-00249457$$tROR:https://ror.org/03zga2b32$$uBergen U.
002789806 700__ $$aDmitrieva, Uliana$$tROR:https://ror.org/01a1xfd09$$uMoscow, INR
002789806 700__ $$aDo, Jaehyeon$$tROR:https://ror.org/01easw929$$uInha U.
002789806 700__ $$aDobrin, Alexandru Florin$$iINSPIRE-00247195$$jORCID:0000-0003-4432-4026$$tROR:https://ror.org/054a6wv56$$uBucharest, Inst. Space Science
002789806 700__ $$aDonigus, Benjamin$$iINSPIRE-00249342$$tROR:https://ror.org/04cvxnb49$$uFrankfurt U., Inst. Kernphys.
002789806 700__ $$aDubey, Anand Kumar$$iINSPIRE-00241469$$tROR:https://ror.org/01v4s0f07$$uCalcutta, VECC
002789806 700__ $$aDubla, Andrea$$iINSPIRE-00361083$$jORCID:0000-0002-9582-8948$$tROR:https://ror.org/00f9tz983$$tROR:https://ror.org/02k8cbn47$$uNikhef, Amsterdam$$uDarmstadt, EMMI
002789806 700__ $$aDudi, Sandeep$$iINSPIRE-00639917$$tROR:https://ror.org/04p2sbk06$$uPanjab U.
002789806 700__ $$aDupieux, Pascal$$iINSPIRE-00078560$$jORCID:0000-0002-0207-2871$$tROR:https://ror.org/0214k6v65$$uClermont-Ferrand U.
002789806 700__ $$aDzalaiova, Natalia$$tROR:https://ror.org/0587ef340$$uComenius U.
002789806 700__ $$aEder, Tabea Maria$$tROR:https://ror.org/00pd74e08$$uMunster U.
002789806 700__ $$aEhlers, Raymond James, III$$iINSPIRE-00382746$$jORCID:0000-0002-3897-0876$$tROR:https://ror.org/01qz5mb56$$uOak Ridge
002789806 700__ $$aEikeland, Viljar Nilsen$$tROR:https://ror.org/03zga2b32$$uBergen U.
002789806 700__ $$aEisenhut, Florian$$tROR:https://ror.org/04cvxnb49$$uFrankfurt U., Inst. Kernphys.
002789806 700__ $$aElia, Domenico$$iINSPIRE-00079305$$jORCID:0000-0001-6351-2378$$tROR:https://ror.org/022hq6c49$$uINFN, Bari
002789806 700__ $$aErazmus, Barbara Ewa$$iINSPIRE-00183847$$tROR:https://ror.org/01kxesq83$$uSUBATECH, Nantes
002789806 700__ $$aErcolessi, Francesca$$tROR:https://ror.org/01111rn36$$uBologna U.$$uINFN, Bologna
002789806 700__ $$aErhardt, Filip$$iINSPIRE-00507377$$jORCID:0000-0001-9410-246X$$tROR:https://ror.org/00mv6sv71$$uZagreb U.
002789806 700__ $$aErokhin, Andrey$$tROR:https://ror.org/023znxa73$$uSt. Petersburg State U.
002789806 700__ $$aErsdal, Magnus Rentsch$$iINSPIRE-00659808$$tROR:https://ror.org/03zga2b32$$uBergen U.
002789806 700__ $$aEspagnon, Bruno$$iINSPIRE-00262220$$jORCID:0000-0003-2449-3172$$tROR:https://ror.org/03gc1p724$$uIJCLab, Orsay
002789806 700__ $$aEulisse, Giulio$$iINSPIRE-00006913$$tROR:https://ror.org/01ggx4157$$uCERN
002789806 700__ $$aEvans, David$$iINSPIRE-00162820$$jORCID:0000-0002-8427-322X$$tROR:https://ror.org/03angcq70$$uBirmingham U.
002789806 700__ $$aEvdokimov, Sergey$$iINSPIRE-00382834$$tROR:https://ror.org/03kn4xv14$$uSerpukhov, IHEP
002789806 700__ $$aFabbietti, Laura$$iINSPIRE-00164656$$uTech. U., Munich (main)
002789806 700__ $$aFaggin, Mattia$$iINSPIRE-00657200$$jORCID:0000-0003-2202-5906$$tROR:https://ror.org/00240q980$$uPadua U.$$uINFN, Padua
002789806 700__ $$aFaivre, Julien$$iINSPIRE-00243836$$tROR:https://ror.org/03f0apy98$$uLPSC, Grenoble
002789806 700__ $$aFan, Feng$$iINSPIRE-00570189$$tROR:https://ror.org/03x1jna21$$uHua-Zhong Normal U.
002789806 700__ $$aFantoni, Alessandra$$iINSPIRE-00139125$$jORCID:0000-0001-6270-9283$$tROR:https://ror.org/049jf1a25$$uFrascati
002789806 700__ $$aFasel, Markus$$iINSPIRE-00249303$$tROR:https://ror.org/01qz5mb56$$uOak Ridge
002789806 700__ $$aFecchio, Pietro$$tROR:https://ror.org/00bgk9508$$uTurin Polytechnic
002789806 700__ $$aFeliciello, Alessandro$$iINSPIRE-00080709$$jORCID:0000-0001-5823-9733$$tROR:https://ror.org/01vj6ck58$$uINFN, Turin
002789806 700__ $$aFeofilov, Grigorii$$iINSPIRE-00243848$$jORCID:0000-0003-3700-8623$$tROR:https://ror.org/023znxa73$$uSt. Petersburg State U.
002789806 700__ $$aFernandez Tellez, Arturo$$iINSPIRE-00247175$$jORCID:0000-0003-0152-4220$$tROR:https://ror.org/03p2z7827$$uPuebla U., Mexico
002789806 700__ $$aFerrero, Andrea$$iINSPIRE-00653574$$jORCID:0000-0003-1089-6632$$tROR:https://ror.org/05k705z76$$uIRFU, Saclay
002789806 700__ $$aFerretti, Alessandro$$iINSPIRE-00033003$$jORCID:0000-0001-9084-5784$$tROR:https://ror.org/048tbm396$$uTurin U.$$uINFN, Turin
002789806 700__ $$aFeuillard, Victor Jose Gaston$$iINSPIRE-00522324$$tROR:https://ror.org/038t36y30$$uHeidelberg U.
002789806 700__ $$aFigiel, Jan$$iINSPIRE-00172410$$jORCID:0000-0002-7692-0079$$tROR:https://ror.org/01n78t774$$uCracow, INP
002789806 700__ $$aFilova, Vendulka$$tROR:https://ror.org/03kqpb082$$uPrague, Tech. U.
002789806 700__ $$aFinogeev, Dmitry$$iINSPIRE-00262286$$tROR:https://ror.org/01a1xfd09$$uMoscow, INR
002789806 700__ $$aFionda, Fiorella$$iINSPIRE-00249244$$jORCID:0000-0002-8632-5580$$tROR:https://ror.org/03paz5966$$uINFN, Cagliari
002789806 700__ $$aFiorenza, Gabriele$$iINSPIRE-00651745$$tROR:https://ror.org/01ggx4157$$tROR:https://ror.org/03c44v465$$uCERN$$uBari Polytechnic
002789806 700__ $$aFlor, Fernando Antonio$$iINSPIRE-00655289$$jORCID:0000-0002-0194-1318$$tROR:https://ror.org/048sx0r50$$uHouston U.
002789806 700__ $$aFlores, Amanda Nicole$$tROR:https://ror.org/00hj54h04$$uTexas U.
002789806 700__ $$aFoertsch, Siegfried Valentin$$iINSPIRE-00249232$$tROR:https://ror.org/002kje223$$uiThemba LABS
002789806 700__ $$aFokin, Sergey$$iINSPIRE-00241560$$tROR:https://ror.org/00n1nz186$$uKurchatov Inst., Moscow
002789806 700__ $$aFragiacomo, Enrico$$iINSPIRE-00250163$$jORCID:0000-0001-8216-396X$$tROR:https://ror.org/05j3snm48$$uINFN, Trieste
002789806 700__ $$aFrajna, Eszter$$tROR:https://ror.org/035dsb084$$uWigner RCP, Budapest
002789806 700__ $$aFrancisco, Audrey$$iINSPIRE-00564016$$jORCID:0000-0001-8658-995X$$tROR:https://ror.org/0214k6v65$$uClermont-Ferrand U.
002789806 700__ $$aFuchs, Ulrich$$iINSPIRE-00289521$$tROR:https://ror.org/01ggx4157$$uCERN
002789806 700__ $$aFunicello, Nicola$$jORCID:0000-0001-7814-319X$$tROR:https://ror.org/0192m2k53$$uSalerno U.$$uINFN, Salerno
002789806 700__ $$aFurget, Christophe$$iINSPIRE-00179002$$tROR:https://ror.org/03f0apy98$$uLPSC, Grenoble
002789806 700__ $$aFurs, Artur$$iINSPIRE-00419390$$tROR:https://ror.org/01a1xfd09$$uMoscow, INR
002789806 700__ $$aGaardhoeje, Jens Joergen$$iINSPIRE-00243865$$jORCID:0000-0001-6122-4698$$tROR:https://ror.org/035b05819$$uBohr Inst.
002789806 700__ $$aGagliardi, Martino$$iINSPIRE-00247151$$jORCID:0000-0002-6314-7419$$tROR:https://ror.org/048tbm396$$uTurin U.$$uINFN, Turin
002789806 700__ $$aGago Medina, Alberto Martin$$iINSPIRE-00083116$$jORCID:0000-0002-0019-9692$$tROR:https://ror.org/00013q465$$uLima, Pont. U. Catolica
002789806 700__ $$aGal, Arthur Willem Jean$$tROR:https://ror.org/01g3mb532$$uStrasbourg, IPHC
002789806 700__ $$aDuarte Galvan, Carlos$$iINSPIRE-00563971$$jORCID:0000-0001-5496-8533$$uSinaloa U.
002789806 700__ $$aGangadharan, Dhevan Raja$$iINSPIRE-00181636$$tROR:https://ror.org/03p74gp79$$uCape Town U.
002789806 700__ $$aGanoti, Paraskevi$$iINSPIRE-00249171$$tROR:https://ror.org/04gnjpq42$$uAthens U.
002789806 700__ $$aGarabatos Cuadrado, Jose Maria$$iINSPIRE-00247140$$tROR:https://ror.org/02k8cbn47$$uDarmstadt, EMMI
002789806 700__ $$aAlvarado Garcia, Jesus Ricardo$$tROR:https://ror.org/03p2z7827$$uPuebla U., Mexico
002789806 700__ $$aGarcia-solis, Edmundo Javier$$iINSPIRE-00319408$$jORCID:0000-0002-6847-8671$$uChicago State U.
002789806 700__ $$aGarg, Kunal$$iINSPIRE-00564023$$jORCID:0000-0002-8512-8219$$tROR:https://ror.org/01kxesq83$$uSUBATECH, Nantes
002789806 700__ $$aGargiulo, Corrado$$iINSPIRE-00304950$$tROR:https://ror.org/01ggx4157$$uCERN
002789806 700__ $$aGaribli, Aydan$$uNNRC, Baku
002789806 700__ $$aDemmich, Katharina$$tROR:https://ror.org/00pd74e08$$uMunster U.
002789806 700__ $$aGasik, Piotr Jan$$iINSPIRE-00386209$$jORCID:0000-0001-9840-6460$$tROR:https://ror.org/02k8cbn47$$uDarmstadt, EMMI
002789806 700__ $$aGauger, Erin Frances$$iINSPIRE-00531301$$jORCID:0000-0002-0015-6713$$tROR:https://ror.org/00hj54h04$$uTexas U.
002789806 700__ $$aGautam, Amrit$$tROR:https://ror.org/001tmjg57$$uKansas U.
002789806 700__ $$aDe Leone Gay, Maria Beatriz$$iINSPIRE-00227970$$jORCID:0000-0002-8450-5318$$tROR:https://ror.org/041yk2d64$$uRio Grande do Sul U.
002789806 700__ $$aGermain, Marie$$iINSPIRE-00046404$$jORCID:0000-0001-7382-1609$$tROR:https://ror.org/01kxesq83$$uSUBATECH, Nantes
002789806 700__ $$aGhosh, Premomoy$$iINSPIRE-00181669$$tROR:https://ror.org/01v4s0f07$$uCalcutta, VECC
002789806 700__ $$aGhosh, Sanjay Kumar$$iINSPIRE-00385559$$tROR:https://ror.org/01a5mqy88$$uBose Inst., Kolkata$$uCAPSS, Kolkata
002789806 700__ $$aGiacalone, Marco$$tROR:https://ror.org/01111rn36$$uBologna U.$$uINFN, Bologna
002789806 700__ $$aGianotti, Paola$$iINSPIRE-00084690$$jORCID:0000-0003-4167-7176$$tROR:https://ror.org/049jf1a25$$uFrascati
002789806 700__ $$aGiubellino, Paolo$$iINSPIRE-00085080$$jORCID:0000-0002-1383-6160$$tROR:https://ror.org/01vj6ck58$$tROR:https://ror.org/02k8cbn47$$uINFN, Turin$$uDarmstadt, EMMI
002789806 700__ $$aGiubilato, Piero$$iINSPIRE-00017284$$jORCID:0000-0003-4358-5355$$tROR:https://ror.org/00240q980$$uPadua U.$$uINFN, Padua
002789806 700__ $$aGlaenzer, Aude Marie Camille$$jORCID:0000-0001-7400-7019$$tROR:https://ror.org/05k705z76$$uIRFU, Saclay
002789806 700__ $$aGlassel, Peter$$iINSPIRE-00262357$$jORCID:0000-0003-3793-5291$$tROR:https://ror.org/038t36y30$$uHeidelberg U.
002789806 700__ $$aGlimos, Ewa$$tROR:https://ror.org/020f3ap87$$uTennessee U.
002789806 700__ $$aGoh, Daniel Jia Qin$$uNagasaki Inst. Appl. Sci.
002789806 700__ $$aGonzalez, Victor$$iINSPIRE-00537090$$jORCID:0000-0002-7607-3965$$tROR:https://ror.org/01070mq45$$uWayne State U.
002789806 700__ $$aGonzalez Trueba, Laura Helena$$iINSPIRE-00249120$$tROR:https://ror.org/01tmp8f25$$uMexico U.
002789806 700__ $$aGorbunov, Sergey$$iINSPIRE-00262379$$tROR:https://ror.org/04cvxnb49$$uFrankfurt U., FIAS
002789806 700__ $$aGorgon, Marek Boguslaw$$tROR:https://ror.org/00bas1c41
002789806 700__ $$aGorlich, Lidia Maria$$iINSPIRE-00185075$$jORCID:0000-0001-7792-2247$$tROR:https://ror.org/01n78t774$$uCracow, INP
002789806 700__ $$aGotovac, Sven$$iINSPIRE-00249102$$uSplit Tech. U.
002789806 700__ $$aGrabski, Varlen$$iINSPIRE-00086274$$tROR:https://ror.org/01tmp8f25$$uMexico U.
002789806 700__ $$aGraczykowski, Lukasz Kamil$$iINSPIRE-00245450$$jORCID:0000-0002-4442-5727$$tROR:https://ror.org/00y0xnp53$$uWarsaw U. of Tech.
002789806 700__ $$aGreiner, Leo Clifford$$iINSPIRE-00544164$$jORCID:0000-0003-1476-6245$$tROR:https://ror.org/02jbv0t02$$uLBL, Berkeley
002789806 700__ $$aGrelli, Alessandro$$iINSPIRE-00247138$$jORCID:0000-0003-0562-9820$$tROR:https://ror.org/04pp8hn57$$uUtrecht U.
002789806 700__ $$aGrigoras, Costin$$iINSPIRE-00249065$$tROR:https://ror.org/01ggx4157$$uCERN
002789806 700__ $$aGrigoryev, Vladislav$$iINSPIRE-00262389$$tROR:https://ror.org/04w8z7f34$$uMoscow Phys. Eng. Inst.
002789806 700__ $$aGrigoryan, Smbat$$iINSPIRE-00262398$$jORCID:0000-0002-0658-5949$$tROR:https://ror.org/01wjejq96$$tROR:https://ror.org/044yd9t77$$uYerevan Phys. Inst.$$uDubna, JINR
002789806 700__ $$aGrosa, Fabrizio$$iINSPIRE-00577566$$jORCID:0000-0002-1469-9022$$tROR:https://ror.org/01ggx4157$$tROR:https://ror.org/01vj6ck58$$uCERN$$uINFN, Turin
002789806 700__ $$aGrosse-oetringhaus, Jan Fiete$$iINSPIRE-00247126$$jORCID:0000-0001-8372-5135$$tROR:https://ror.org/01ggx4157$$uCERN
002789806 700__ $$aGrosso, Raffaele$$iINSPIRE-00262426$$tROR:https://ror.org/02k8cbn47$$uDarmstadt, EMMI
002789806 700__ $$aGrund, David$$tROR:https://ror.org/03kqpb082$$uPrague, Tech. U.
002789806 700__ $$aGarcia Guardiano, Gabriel$$tROR:https://ror.org/04wffgt70$$uCampinas State U.
002789806 700__ $$aGuernane, Rachid$$iINSPIRE-00262443$$tROR:https://ror.org/03f0apy98$$uLPSC, Grenoble
002789806 700__ $$aGuilbaud, Maxime Rene Joseph$$iINSPIRE-00246015$$tROR:https://ror.org/01kxesq83$$uSUBATECH, Nantes
002789806 700__ $$aGulbrandsen, Kristjan Herlache$$iINSPIRE-00039494$$jORCID:0000-0002-3809-4984$$tROR:https://ror.org/035b05819$$uBohr Inst.
002789806 700__ $$aGunji, Taku$$iINSPIRE-00033137$$jORCID:0000-0002-6769-599X$$tROR:https://ror.org/057zh3y96$$uTokyo U.
002789806 700__ $$aGuo, Wenda$$tROR:https://ror.org/03x1jna21$$uHua-Zhong Normal U.
002789806 700__ $$aGupta, Anik$$iINSPIRE-00181730$$jORCID:0000-0001-6178-648X$$tROR:https://ror.org/02retg991$$uJammu U.
002789806 700__ $$aGupta, Ramni$$iINSPIRE-00254573$$jORCID:0000-0001-7474-0755$$tROR:https://ror.org/02retg991$$uJammu U.
002789806 700__ $$aPaisano Guzman, Sergio$$tROR:https://ror.org/03p2z7827$$uPuebla U., Mexico
002789806 700__ $$aGyulai, Laszlo$$tROR:https://ror.org/035dsb084$$uWigner RCP, Budapest
002789806 700__ $$aHabib, Michael Karim$$iINSPIRE-00658586$$tROR:https://ror.org/02k8cbn47$$uDarmstadt, EMMI
002789806 700__ $$aHadjidakis, Cynthia Marie$$iINSPIRE-00244486$$jORCID:0000-0002-9336-5169$$tROR:https://ror.org/03gc1p724$$uIJCLab, Orsay
002789806 700__ $$aHamagaki, Hideki$$iINSPIRE-00088248$$jORCID:0000-0003-3808-7917$$uNagasaki Inst. Appl. Sci.
002789806 700__ $$aHamid, Mohammed$$iINSPIRE-00655672$$tROR:https://ror.org/03x1jna21$$uHua-Zhong Normal U.
002789806 700__ $$aHannigan, Ryan Patrick$$iINSPIRE-00653583$$jORCID:0000-0003-4518-3528$$tROR:https://ror.org/00hj54h04$$uTexas U.
002789806 700__ $$aHaque, Md Rihan$$iINSPIRE-00539842$$tROR:https://ror.org/00y0xnp53$$uWarsaw U. of Tech.
002789806 700__ $$aGromada, Alena$$iINSPIRE-00649693$$tROR:https://ror.org/02k8cbn47$$uDarmstadt, EMMI
002789806 700__ $$aHarris, John William$$iINSPIRE-00301628$$jORCID:0000-0002-8535-3061$$tROR:https://ror.org/03v76x132$$uYale U.
002789806 700__ $$aHarton, Austin Vincent$$iINSPIRE-00245718$$uChicago State U.
002789806 700__ $$aHasenbichler, Jan Anton$$tROR:https://ror.org/01ggx4157$$uCERN
002789806 700__ $$aHassan, Hadi$$iINSPIRE-00572743$$tROR:https://ror.org/01qz5mb56$$uOak Ridge
002789806 700__ $$aHatzifotiadou, Despina$$iINSPIRE-00244493$$jORCID:0000-0002-7638-2047$$tROR:https://ror.org/04j0x0h93$$uINFN, Bologna
002789806 700__ $$aHauer, Philip$$tROR:https://ror.org/041nas322$$uBonn U., HISKP
002789806 700__ $$aHavener, Laura Brittany$$jORCID:0000-0002-4743-2885$$tROR:https://ror.org/03v76x132$$uYale U.
002789806 700__ $$aHeckel, Stefan Thomas$$iINSPIRE-00245584$$jORCID:0000-0002-9083-4484$$uTech. U., Munich (main)
002789806 700__ $$aHellbar, Ernst$$iINSPIRE-00560290$$jORCID:0000-0002-7404-8723$$tROR:https://ror.org/02k8cbn47$$uDarmstadt, EMMI
002789806 700__ $$aHelstrup, Haavard$$iINSPIRE-00089682$$jORCID:0000-0002-9335-9076$$tROR:https://ror.org/05phns765$$uBergen Coll. Higher Educ.
002789806 700__ $$aHerman, Tomas$$jORCID:0000-0003-4004-5265$$tROR:https://ror.org/03kqpb082$$uPrague, Tech. U.
002789806 700__ $$aGonzalez Hernandez, Emma$$iINSPIRE-00649608$$tROR:https://ror.org/03p2z7827$$uPuebla U., Mexico
002789806 700__ $$aHerrera Corral, Gerardo Antonio$$iINSPIRE-00089895$$jORCID:0000-0003-4692-7410$$tROR:https://ror.org/059sp8j34$$uCINVESTAV, IPN
002789806 700__ $$aHerrmann, Florian$$iINSPIRE-00564065$$tROR:https://ror.org/00pd74e08$$uMunster U.
002789806 700__ $$aHetland, Kristin Fanebust$$iINSPIRE-00080364$$tROR:https://ror.org/05phns765$$uBergen Coll. Higher Educ.
002789806 700__ $$aHillemanns, Hartmut$$iINSPIRE-00507591$$tROR:https://ror.org/01ggx4157$$uCERN
002789806 700__ $$aHills, Christopher$$iINSPIRE-00575031$$jORCID:0000-0003-4647-4159$$tROR:https://ror.org/04xs57h96$$uLiverpool U.
002789806 700__ $$aHippolyte, Boris$$iINSPIRE-00262496$$jORCID:0000-0003-4562-2922$$tROR:https://ror.org/01g3mb532$$uStrasbourg, IPHC
002789806 700__ $$aHofman, Bas$$tROR:https://ror.org/04pp8hn57$$uUtrecht U.
002789806 700__ $$aHohlweger, Bernhard$$iINSPIRE-00580270$$jORCID:0000-0001-6925-3469$$tROR:https://ror.org/00f9tz983$$uNikhef, Amsterdam
002789806 700__ $$aHonermann, Jan$$jORCID:0000-0003-1437-6108$$tROR:https://ror.org/00pd74e08$$uMunster U.
002789806 700__ $$aHong, Geun Hee$$tROR:https://ror.org/01wjejq96$$uYonsei U.
002789806 700__ $$aHorak, David$$iINSPIRE-00548374$$jORCID:0000-0002-7078-3093$$tROR:https://ror.org/03kqpb082$$uPrague, Tech. U.
002789806 700__ $$aHornung, Sebastian$$iINSPIRE-00584070$$jORCID:0000-0002-2403-4040$$tROR:https://ror.org/02k8cbn47$$uDarmstadt, EMMI
002789806 700__ $$aHorzyk, Adrian$$tROR:https://ror.org/00bas1c41
002789806 700__ $$aHosokawa, Ritsuya$$iINSPIRE-00522280$$tROR:https://ror.org/05wf30g94$$uCreighton U.
002789806 700__ $$aHou, Yongzhen$$tROR:https://ror.org/03x1jna21$$uHua-Zhong Normal U.
002789806 700__ $$aHristov, Peter Zahariev$$iINSPIRE-00091290$$tROR:https://ror.org/01ggx4157$$uCERN
002789806 700__ $$aHughes, Charles$$iINSPIRE-00564077$$tROR:https://ror.org/020f3ap87$$uTennessee U.
002789806 700__ $$aHuhn, Patrick$$iINSPIRE-00658596$$tROR:https://ror.org/04cvxnb49$$uFrankfurt U., Inst. Kernphys.
002789806 700__ $$aHuhta, Laura Maria$$tROR:https://ror.org/05n3dz165$$uJyvaskyla U.
002789806 700__ $$aVan Hulse, Charlotte$$jORCID:0000-0002-5397-6782$$tROR:https://ror.org/03gc1p724$$uIJCLab, Orsay
002789806 700__ $$aHumanic, Thomas$$iINSPIRE-00091603$$jORCID:0000-0003-1008-5119$$tROR:https://ror.org/00rs6vg23$$uOhio State U.
002789806 700__ $$aHushnud, Hushnud$$iINSPIRE-00579961$$tROR:https://ror.org/0491yz035$$uSaha Inst.
002789806 700__ $$aTarasovicova, Lucia Anna$$tROR:https://ror.org/00pd74e08$$uMunster U.
002789806 700__ $$aHutson, Alek$$tROR:https://ror.org/048sx0r50$$uHouston U.
002789806 700__ $$aIddon, James Philip$$iINSPIRE-00651329$$tROR:https://ror.org/01ggx4157$$tROR:https://ror.org/04xs57h96$$uCERN$$uLiverpool U.
002789806 700__ $$aIlkaev, Radiy$$iINSPIRE-00248935$$tROR:https://ror.org/0560q5470$$uRFNC-VNIIEF, Sarov
002789806 700__ $$aIlyas, Hira$$tROR:https://ror.org/00nqqvk19$$uCOMSATS, Islamabad
002789806 700__ $$aInaba, Motoi$$iINSPIRE-00241821$$jORCID:0000-0003-3895-9092$$tROR:https://ror.org/02956yf07$$uTsukuba U.
002789806 700__ $$aInnocenti, Gian Michele$$iINSPIRE-00244538$$tROR:https://ror.org/01ggx4157$$uCERN
002789806 700__ $$aIppolitov, Mikhail$$iINSPIRE-00250300$$tROR:https://ror.org/00n1nz186$$uKurchatov Inst., Moscow
002789806 700__ $$aIsakov, Artem$$jORCID:0000-0002-2134-967X$$tROR:https://ror.org/05arfhc56$$uRez, Nucl. Phys. Inst.
002789806 700__ $$aIsidori, Tommaso$$tROR:https://ror.org/001tmjg57$$uKansas U.
002789806 700__ $$aIslam, Md Samsul$$iINSPIRE-00564099$$tROR:https://ror.org/0491yz035$$uSaha Inst.
002789806 700__ $$aIvanov, Marian$$iINSPIRE-00262538$$tROR:https://ror.org/02k8cbn47$$uDarmstadt, EMMI
002789806 700__ $$aIvanov, Vladimir$$iINSPIRE-00262542$$tROR:https://ror.org/037styt87$$uSt. Petersburg, INP
002789806 700__ $$aIzucheev, Vladimir$$iINSPIRE-00506818$$tROR:https://ror.org/03kn4xv14$$uSerpukhov, IHEP
002789806 700__ $$aJablonski, Miroslaw$$tROR:https://ror.org/00bas1c41
002789806 700__ $$aJacak, Barbara$$iINSPIRE-00155696$$tROR:https://ror.org/02jbv0t02$$uLBL, Berkeley
002789806 700__ $$aJacazio, Nicolo$$iINSPIRE-00548380$$jORCID:0000-0002-3066-855X$$tROR:https://ror.org/01ggx4157$$uCERN
002789806 700__ $$aJacobs, Peter Martin$$iINSPIRE-00181871$$jORCID:0000-0001-9980-5199$$tROR:https://ror.org/02jbv0t02$$uLBL, Berkeley
002789806 700__ $$aJadlovska, Slavka$$iINSPIRE-00522452$$uKosice Tech. U.
002789806 700__ $$aJadlovsky, Jan$$iINSPIRE-00537120$$uKosice Tech. U.
002789806 700__ $$aJaelani, Syaefudin$$iINSPIRE-00581977$$jORCID:0000-0003-3958-9062$$tROR:https://ror.org/04pp8hn57$$uUtrecht U.
002789806 700__ $$aJahnke, Cristiane$$iINSPIRE-00383021$$tROR:https://ror.org/036rp1748$$tROR:https://ror.org/04wffgt70$$uSao Paulo U.$$uCampinas State U.
002789806 700__ $$aJakubowska, Monika Joanna$$iINSPIRE-00537133$$jORCID:0000-0001-9334-3798$$tROR:https://ror.org/00y0xnp53$$uWarsaw U. of Tech.
002789806 700__ $$aJalotra, Ashish$$tROR:https://ror.org/02retg991$$uJammu U.
002789806 700__ $$aJanik, Malgorzata Anna$$iINSPIRE-00244548$$jORCID:0000-0001-9087-4665$$tROR:https://ror.org/00y0xnp53$$uWarsaw U. of Tech.
002789806 700__ $$aJanson, Thomas$$uGoethe U., Frankfurt, Inst. Inform.
002789806 700__ $$aJercic, Marko$$iINSPIRE-00578879$$tROR:https://ror.org/00mv6sv71$$uZagreb U.
002789806 700__ $$aJevons, Oliver Thomas$$iINSPIRE-00655687$$tROR:https://ror.org/03angcq70$$uBirmingham U.
002789806 700__ $$aPaz Jimenez, Alom Antonio$$tROR:https://ror.org/01tmp8f25$$uMexico U., ICN
002789806 700__ $$aJonas, Florian$$tROR:https://ror.org/01qz5mb56$$tROR:https://ror.org/00pd74e08$$uOak Ridge$$uMunster U.
002789806 700__ $$aJones, Peter Graham$$iINSPIRE-00181937$$tROR:https://ror.org/03angcq70$$uBirmingham U.
002789806 700__ $$aJowett, John$$jORCID:0000-0002-9492-3775$$tROR:https://ror.org/01ggx4157$$tROR:https://ror.org/02k8cbn47$$uCERN$$uDarmstadt, EMMI
002789806 700__ $$aJung, Jerome$$tROR:https://ror.org/04cvxnb49$$uFrankfurt U., Inst. Kernphys.
002789806 700__ $$aJung, Michael$$tROR:https://ror.org/04cvxnb49$$uFrankfurt U., Inst. Kernphys.
002789806 700__ $$aJunique, Antoine Jean-simon$$iINSPIRE-00246421$$tROR:https://ror.org/01ggx4157$$uCERN
002789806 700__ $$aJusko, Anton$$iINSPIRE-00250331$$tROR:https://ror.org/03angcq70$$uBirmingham U.
002789806 700__ $$aKabus, Maja Jadwiga$$tROR:https://ror.org/00y0xnp53$$uWarsaw U. of Tech.
002789806 700__ $$aKaewjai, Jetnipit$$tROR:https://ror.org/05sgb8g78$$uSuranaree U. of Tech.
002789806 700__ $$aKalinak, Peter$$iINSPIRE-00247100$$jORCID:0000-0002-0559-6697$$uKosice, IEF
002789806 700__ $$aKalteyer, Annalena Sophie$$tROR:https://ror.org/02k8cbn47$$uDarmstadt, EMMI
002789806 700__ $$aKalweit, Alexander Philipp$$iINSPIRE-00248849$$jORCID:0000-0001-6907-0486$$tROR:https://ror.org/01ggx4157$$uCERN
002789806 700__ $$aKaplin, Vladimir$$iINSPIRE-00248837$$jORCID:0000-0002-1513-2845$$tROR:https://ror.org/04w8z7f34$$uMoscow Phys. Eng. Inst.
002789806 700__ $$aKarasu Uysal, Ayben$$iINSPIRE-00245978$$jORCID:0000-0001-6297-2532$$tROR:https://ror.org/054341q84$$uKaratay U.
002789806 700__ $$aKaratovic, David$$tROR:https://ror.org/00mv6sv71$$uZagreb U.
002789806 700__ $$aKaravichev, Oleg$$iINSPIRE-00262581$$tROR:https://ror.org/01a1xfd09$$uMoscow, INR
002789806 700__ $$aKaravicheva, Tatiana$$iINSPIRE-00262593$$jORCID:0000-0002-9355-6379$$tROR:https://ror.org/01a1xfd09$$uMoscow, INR
002789806 700__ $$aKarczmarczyk, Przemyslaw$$iINSPIRE-00577574$$jORCID:0000-0002-9057-9719$$tROR:https://ror.org/00y0xnp53$$uWarsaw U. of Tech.
002789806 700__ $$aKarpechev, Evgeny$$iINSPIRE-00248813$$tROR:https://ror.org/01a1xfd09$$uMoscow, INR
002789806 700__ $$aKashyap, Varchaswi$$tROR:https://ror.org/02r2k1c68$$uNISER, Jatni
002789806 700__ $$aKazantsev, Andrey$$iINSPIRE-00242013$$tROR:https://ror.org/00n1nz186$$uKurchatov Inst., Moscow
002789806 700__ $$aKebschull, Udo Wolfgang$$iINSPIRE-00248807$$uGoethe U., Frankfurt, Inst. Inform.
002789806 700__ $$aKeidel, Ralf$$iINSPIRE-00248795$$jORCID:0000-0002-1474-6191$$tROR:https://ror.org/031ph8d53$$uFachhochsch., Worms
002789806 700__ $$aKeijdener, Darius$$iINSPIRE-00416339$$tROR:https://ror.org/04pp8hn57$$uUtrecht U.
002789806 700__ $$aKeil, Markus$$iINSPIRE-00216636$$tROR:https://ror.org/01ggx4157$$uCERN
002789806 700__ $$aKetzer, Bernhard Franz$$iINSPIRE-00095813$$tROR:https://ror.org/041nas322$$uBonn U., HISKP
002789806 700__ $$aKhabanova, Zhanna$$iINSPIRE-00539181$$tROR:https://ror.org/00f9tz983$$uNikhef, Amsterdam
002789806 700__ $$aKhan, Ahsan Mehmood$$iINSPIRE-00655313$$tROR:https://ror.org/03x1jna21$$uHua-Zhong Normal U.
002789806 700__ $$aKhan, Shaista$$iINSPIRE-00641195$$tROR:https://ror.org/03kw9gc02$$uAligarh Muslim U.
002789806 700__ $$aKhanzadeev, Alexei$$iINSPIRE-00242036$$tROR:https://ror.org/037styt87$$uSt. Petersburg, INP
002789806 700__ $$aKharlov, Yury$$iINSPIRE-00095925$$jORCID:0000-0001-6653-6164$$tROR:https://ror.org/00v0z9322$$tROR:https://ror.org/03kn4xv14$$uMoscow, MIPT$$uSerpukhov, IHEP
002789806 700__ $$aKhatun, Anisa$$iINSPIRE-00564120$$jORCID:0000-0002-2724-668X$$tROR:https://ror.org/03kw9gc02$$uAligarh Muslim U.
002789806 700__ $$aKhuntia, Arvind$$iINSPIRE-00564138$$jORCID:0000-0003-0996-8547$$tROR:https://ror.org/01n78t774$$uCracow, INP
002789806 700__ $$aKileng, Bjarte$$iINSPIRE-00262606$$tROR:https://ror.org/05phns765$$uBergen Coll. Higher Educ.
002789806 700__ $$aKim, Beomkyu$$iINSPIRE-00289772$$tROR:https://ror.org/01an57a31$$tROR:https://ror.org/01easw929$$uPusan Natl. U.$$uInha U.
002789806 700__ $$aKim, Chong$$tROR:https://ror.org/01an57a31$$uPusan Natl. U.
002789806 700__ $$aKim, Dong Jo$$iINSPIRE-00242076$$jORCID:0000-0002-4816-283X$$tROR:https://ror.org/05n3dz165$$uJyvaskyla U.
002789806 700__ $$aKim, Eun Joo$$iINSPIRE-00256188$$jORCID:0000-0003-1433-6018$$tROR:https://ror.org/05q92br09$$uChonbuk Natl. U.
002789806 700__ $$aKim, Jaehyun$$tROR:https://ror.org/01wjejq96$$uYonsei U.
002789806 700__ $$aKim, Jinsook$$iINSPIRE-00243973$$tROR:https://ror.org/0461cvh40$$uGangneung-Wonju Natl. U.
002789806 700__ $$aKim, Jiyoung$$iINSPIRE-00564110$$jORCID:0000-0001-9676-3309$$tROR:https://ror.org/038t36y30$$uHeidelberg U.
002789806 700__ $$aKim, Junlee$$iINSPIRE-00660670$$tROR:https://ror.org/05q92br09$$uChonbuk Natl. U.
002789806 700__ $$aKim, Minjung$$iINSPIRE-00568892$$jORCID:0000-0002-0906-062X$$tROR:https://ror.org/038t36y30$$uHeidelberg U.
002789806 700__ $$aKim, Se Yong$$iINSPIRE-00254770$$tROR:https://ror.org/00aft1q37$$uSejong U.
002789806 700__ $$aKim, Taejun$$iINSPIRE-00649356$$tROR:https://ror.org/01wjejq96$$uYonsei U.
002789806 700__ $$aKirsch, Stefan$$iINSPIRE-00250347$$tROR:https://ror.org/04cvxnb49$$uFrankfurt U., Inst. Kernphys.
002789806 700__ $$aKisel, Ivan$$iINSPIRE-00262045$$jORCID:0000-0002-4808-419X$$tROR:https://ror.org/04cvxnb49$$uFrankfurt U., FIAS
002789806 700__ $$aKiselev, Sergey$$iINSPIRE-00262051$$jORCID:0000-0002-8354-7786$$tROR:https://ror.org/0238gz740$$uMoscow, ITEP
002789806 700__ $$aKisiel, Adam Ryszard$$iINSPIRE-00182054$$tROR:https://ror.org/00y0xnp53$$uWarsaw U. of Tech.
002789806 700__ $$aKitowski, Jacek Pawel$$tROR:https://ror.org/00bas1c41
002789806 700__ $$aKlay, Jennifer Lynn$$iINSPIRE-00050656$$jORCID:0000-0002-5592-0758$$tROR:https://ror.org/001gpfp45$$uCal. Poly.
002789806 700__ $$aKlein, Jochen$$iINSPIRE-00262064$$jORCID:0000-0002-1301-1636$$tROR:https://ror.org/01ggx4157$$uCERN
002789806 700__ $$aKlein, Spencer Robert$$iINSPIRE-00325444$$jORCID:0000-0003-2841-6553$$tROR:https://ror.org/02jbv0t02$$uLBL, Berkeley
002789806 700__ $$aKlein-boesing, Christian$$iINSPIRE-00003561$$jORCID:0000-0002-7285-3411$$tROR:https://ror.org/00pd74e08$$uMunster U.
002789806 700__ $$aKleiner, Matthias$$tROR:https://ror.org/04cvxnb49$$uFrankfurt U., Inst. Kernphys.
002789806 700__ $$aKlemenz, Thomas$$uTech. U., Munich (main)
002789806 700__ $$aKluge, Alexander$$iINSPIRE-00250353$$tROR:https://ror.org/01ggx4157$$uCERN
002789806 700__ $$aKnospe, Anders Garritt$$iINSPIRE-00182064$$jORCID:0000-0002-2211-715X$$tROR:https://ror.org/048sx0r50$$uHouston U.
002789806 700__ $$aKobdaj, Chinorat$$iINSPIRE-00227795$$jORCID:0000-0001-7296-5248$$tROR:https://ror.org/05sgb8g78$$uSuranaree U. of Tech.
002789806 700__ $$aKollegger, Thorsten Sven$$iINSPIRE-00182076$$tROR:https://ror.org/02k8cbn47$$uDarmstadt, EMMI
002789806 700__ $$aKondratyev, Andrey$$jORCID:0000-0001-6203-9160$$tROR:https://ror.org/044yd9t77$$uDubna, JINR
002789806 700__ $$aKondratyeva, Natalia$$iINSPIRE-00262112$$tROR:https://ror.org/04w8z7f34$$uMoscow Phys. Eng. Inst.
002789806 700__ $$aKondratyuk, Evgeny$$iINSPIRE-00507275$$tROR:https://ror.org/03kn4xv14$$uSerpukhov, IHEP
002789806 700__ $$aKonig, Joshua Leon$$tROR:https://ror.org/04cvxnb49$$uFrankfurt U., Inst. Kernphys.
002789806 700__ $$aKonigstorfer, Stephan Alexander$$uTech. U., Munich (main)
002789806 700__ $$aKonopka, Piotr Jan$$iINSPIRE-00656066$$jORCID:0000-0001-8738-7268$$tROR:https://ror.org/01ggx4157$$uCERN
002789806 700__ $$aKornakov, Georgui$$jORCID:0000-0002-3652-6683$$tROR:https://ror.org/00y0xnp53$$uWarsaw U. of Tech.
002789806 700__ $$aKoryciak, Sebastian Dominik$$tROR:https://ror.org/00bas1c41
002789806 700__ $$aKotliarov, Artem$$tROR:https://ror.org/05arfhc56$$uRez, Nucl. Phys. Inst.
002789806 700__ $$aKovalenko, Oleksandr$$iINSPIRE-00507510$$tROR:https://ror.org/00nzsxq20$$uWarsaw, Inst. Nucl. Studies
002789806 700__ $$aKovalenko, Vladimir$$iINSPIRE-00361228$$jORCID:0000-0001-6012-6615$$tROR:https://ror.org/023znxa73$$uSt. Petersburg State U.
002789806 700__ $$aKowalski, Marek$$iINSPIRE-00262137$$tROR:https://ror.org/01n78t774$$uCracow, INP
002789806 700__ $$aKralik, Ivan$$iINSPIRE-00098249$$jORCID:0000-0001-6441-9300$$uKosice, IEF
002789806 700__ $$aKravcakova, Adela$$iINSPIRE-00248740$$tROR:https://ror.org/039965637$$uKosice U.
002789806 700__ $$aKreis, Lukas$$iINSPIRE-00649614$$tROR:https://ror.org/02k8cbn47$$uDarmstadt, EMMI
002789806 700__ $$aKrivda, Marian$$iINSPIRE-00248727$$jORCID:0000-0001-5091-4159$$tROR:https://ror.org/03angcq70$$uKosice, IEF$$uBirmingham U.
002789806 700__ $$aKrizek, Filip$$iINSPIRE-00262142$$jORCID:0000-0001-6593-4574$$tROR:https://ror.org/05arfhc56$$uRez, Nucl. Phys. Inst.
002789806 700__ $$aKrizkova Gajdosova, Katarina$$iINSPIRE-00538159$$jORCID:0000-0002-5569-1254$$tROR:https://ror.org/03kqpb082$$uPrague, Tech. U.
002789806 700__ $$aKroesen, Martin$$tROR:https://ror.org/038t36y30$$uHeidelberg U.
002789806 700__ $$aKruger, Mario$$iINSPIRE-00657504$$tROR:https://ror.org/04cvxnb49$$uFrankfurt U., Inst. Kernphys.
002789806 700__ $$aKrupova, Diana Maria$$tROR:https://ror.org/03kqpb082$$uPrague, Tech. U.
002789806 700__ $$aKryshen, Evgeny$$iINSPIRE-00262643$$tROR:https://ror.org/037styt87$$uSt. Petersburg, INP
002789806 700__ $$aKrzewicki, Mikolaj$$iINSPIRE-00248715$$tROR:https://ror.org/04cvxnb49$$uFrankfurt U., FIAS
002789806 700__ $$aKucera, Vit$$iINSPIRE-00383170$$tROR:https://ror.org/01ggx4157$$uCERN
002789806 700__ $$aKuhn, Christian Claude$$iINSPIRE-00244002$$tROR:https://ror.org/01g3mb532$$uStrasbourg, IPHC
002789806 700__ $$aKuijer, Paulus Gerardus$$iINSPIRE-00098956$$jORCID:0000-0002-6987-2048$$tROR:https://ror.org/00f9tz983$$uNikhef, Amsterdam
002789806 700__ $$aKumaoka, Takuya$$tROR:https://ror.org/02956yf07$$uTsukuba U.
002789806 700__ $$aKumar, Deekshit$$tROR:https://ror.org/01v4s0f07$$uCalcutta, VECC
002789806 700__ $$aKumar, Lokesh$$iINSPIRE-00182175$$jORCID:0000-0002-2746-9840$$tROR:https://ror.org/04p2sbk06$$uPanjab U.
002789806 700__ $$aKumar, Navneet$$tROR:https://ror.org/04p2sbk06$$uPanjab U.
002789806 700__ $$aKundu, Sourav$$iINSPIRE-00564145$$tROR:https://ror.org/01ggx4157$$uCERN
002789806 700__ $$aKurashvili, Podist$$iINSPIRE-00247073$$tROR:https://ror.org/00nzsxq20$$uWarsaw, Inst. Nucl. Studies
002789806 700__ $$aKurepin, Alexander$$iINSPIRE-00244630$$jORCID:0000-0001-7672-2067$$tROR:https://ror.org/01a1xfd09$$uMoscow, INR
002789806 700__ $$aKurepin, Alexey$$iINSPIRE-00244643$$jORCID:0000-0002-1851-4136$$tROR:https://ror.org/01a1xfd09$$uMoscow, INR
002789806 700__ $$aKuryakin, Alexey$$iINSPIRE-00248681$$tROR:https://ror.org/0560q5470$$uRFNC-VNIIEF, Sarov
002789806 700__ $$aKushpil, Svetlana$$iINSPIRE-00262657$$jORCID:0000-0001-9289-2840$$tROR:https://ror.org/05arfhc56$$uRez, Nucl. Phys. Inst.
002789806 700__ $$aKvapil, Jakub$$iINSPIRE-00538162$$tROR:https://ror.org/03angcq70$$uBirmingham U.
002789806 700__ $$aKweon, Min Jung$$iINSPIRE-00242248$$jORCID:0000-0002-8958-4190$$tROR:https://ror.org/01easw929$$uInha U.
002789806 700__ $$aKwon, Jiyeon$$jORCID:0000-0002-6586-9300$$tROR:https://ror.org/01easw929$$uInha U.
002789806 700__ $$aKwon, Youngil$$iINSPIRE-00242258$$tROR:https://ror.org/01wjejq96$$uYonsei U.
002789806 700__ $$aLa Pointe, Sarah Louise$$iINSPIRE-00182214$$jORCID:0000-0002-5267-0140$$tROR:https://ror.org/04cvxnb49$$uFrankfurt U., FIAS
002789806 700__ $$aLa Rocca, Paola$$iINSPIRE-00247061$$jORCID:0000-0002-7291-8166$$tROR:https://ror.org/03a64bh57$$uCatania U.$$uINFN, Catania
002789806 700__ $$aLai, Yue Shi$$iINSPIRE-00003558$$tROR:https://ror.org/02jbv0t02$$uLBL, Berkeley
002789806 700__ $$aLakrathok, Anantachai$$tROR:https://ror.org/05sgb8g78$$uSuranaree U. of Tech.
002789806 700__ $$aLamanna, Massimo$$tROR:https://ror.org/01ggx4157$$uCERN
002789806 700__ $$aLangoy, Rune$$iINSPIRE-00361289$$uVestfold U. Coll., Tonsberg
002789806 700__ $$aLapidus, Kirill$$iINSPIRE-00560319$$tROR:https://ror.org/01ggx4157$$uCERN
002789806 700__ $$aLarionov, Pavel$$iINSPIRE-00579750$$tROR:https://ror.org/01ggx4157$$tROR:https://ror.org/049jf1a25$$uCERN$$uFrascati
002789806 700__ $$aLaudi, Elisa$$iINSPIRE-00506820$$tROR:https://ror.org/01ggx4157$$uCERN
002789806 700__ $$aLautner, Lukas$$tROR:https://ror.org/01ggx4157$$uCERN$$uTech. U., Munich (main)
002789806 700__ $$aLavicka, Roman$$iINSPIRE-00575828$$jORCID:0000-0002-8384-0384$$tROR:https://ror.org/03kqpb082$$tROR:https://ror.org/05kdjqf72$$uPrague, Tech. U.$$uStefan Meyer Inst. Subatomare Phys.
002789806 700__ $$aLazareva, Tatiana$$tROR:https://ror.org/023znxa73$$uSt. Petersburg State U.
002789806 700__ $$aLea, Ramona$$iINSPIRE-00244658$$jORCID:0000-0001-5955-0769$$tROR:https://ror.org/02n742c10$$tROR:https://ror.org/01st30669$$tROR:https://ror.org/02q2d2610$$uTrieste U.$$uINFN, Trieste$$uINFN, Pavia$$uU. Brescia
002789806 700__ $$aLehrbach, Johannes$$iINSPIRE-00567842$$tROR:https://ror.org/04cvxnb49$$uFrankfurt U., FIAS
002789806 700__ $$aLemmon, Roy Crawford$$iINSPIRE-00385690$$jORCID:0000-0002-1259-979X$$tROR:https://ror.org/0089bg420$$uDaresbury
002789806 700__ $$aLeon Monzon, Ildefonso$$iINSPIRE-00248605$$jORCID:0000-0002-7919-2150$$uSinaloa U.
002789806 700__ $$aLesser, Ezra Douglas$$jORCID:0000-0001-8367-8703$$tROR:https://ror.org/01an7q238$$uUC, Berkeley
002789806 700__ $$aLettrich, Michael$$tROR:https://ror.org/01ggx4157$$uCERN$$uTech. U., Munich (main)
002789806 700__ $$aLevai, Peter$$iINSPIRE-00162508$$tROR:https://ror.org/035dsb084$$uWigner RCP, Budapest
002789806 700__ $$aLi, Xiaomei$$iINSPIRE-00242399$$tROR:https://ror.org/00v5gqm66$$uBeijing, Inst. Atomic Energy
002789806 700__ $$aLi, Xing Long$$iINSPIRE-00653591$$tROR:https://ror.org/03x1jna21$$uHua-Zhong Normal U.
002789806 700__ $$aLien, Jorgen Andre$$iINSPIRE-00101774$$uVestfold U. Coll., Tonsberg
002789806 700__ $$aLietava, Roman$$iINSPIRE-00206588$$tROR:https://ror.org/03angcq70$$uBirmingham U.
002789806 700__ $$aLim, Bong-hwi$$iINSPIRE-00585228$$tROR:https://ror.org/01an57a31$$uPusan Natl. U.
002789806 700__ $$aLim, Sanghoon$$jORCID:0000-0001-6335-7427$$tROR:https://ror.org/01an57a31$$uPusan Natl. U.
002789806 700__ $$aLindenstruth, Volker$$iINSPIRE-00171460$$tROR:https://ror.org/04cvxnb49$$uFrankfurt U., FIAS
002789806 700__ $$aLindner, Amelia$$tROR:https://ror.org/00d3pnh21$$uBucharest, IFIN-HH
002789806 700__ $$aLippmann, Christian$$iINSPIRE-00247046$$tROR:https://ror.org/02k8cbn47$$uDarmstadt, EMMI
002789806 700__ $$aLiu, Alwina Ruixin$$iINSPIRE-00642235$$jORCID:0000-0001-6895-4829$$tROR:https://ror.org/01an7q238$$uUC, Berkeley
002789806 700__ $$aLiu, Dong Hai$$tROR:https://ror.org/03x1jna21$$uHua-Zhong Normal U.
002789806 700__ $$aLiu, Jian$$tROR:https://ror.org/04xs57h96$$uLiverpool U.
002789806 700__ $$aLofnes, Ingrid Mckibben$$jORCID:0000-0002-9063-1599$$tROR:https://ror.org/03zga2b32$$uBergen U.
002789806 700__ $$aLoginov, Vitaly$$iINSPIRE-00262733$$tROR:https://ror.org/04w8z7f34$$uMoscow Phys. Eng. Inst.
002789806 700__ $$aLoizides, Constantinos$$iINSPIRE-00052306$$jORCID:0000-0001-8635-8465$$tROR:https://ror.org/01qz5mb56$$uOak Ridge
002789806 700__ $$aLoncar, Petra$$iINSPIRE-00565737$$uSplit Tech. U.
002789806 700__ $$aLopez Lopez, Jorge Andres$$iINSPIRE-00511724$$jORCID:0000-0002-5648-4206$$tROR:https://ror.org/038t36y30$$uHeidelberg U.
002789806 700__ $$aLopez, Xavier Bernard$$iINSPIRE-00244058$$jORCID:0000-0001-8159-8603$$tROR:https://ror.org/0214k6v65$$uClermont-Ferrand U.
002789806 700__ $$aLopez Torres, Ernesto$$iINSPIRE-00248566$$jORCID:0000-0002-2850-4222$$uHavana, CEADEN
002789806 700__ $$aLuhder, Jens Robert$$iINSPIRE-00581494$$tROR:https://ror.org/00pd74e08$$uMunster U.
002789806 700__ $$aLunardon, Marcello$$iINSPIRE-00289820$$jORCID:0000-0002-6027-0024$$tROR:https://ror.org/00240q980$$uPadua U.$$uINFN, Padua
002789806 700__ $$aLuparello, Grazia$$iINSPIRE-00248554$$jORCID:0000-0002-9901-2014$$tROR:https://ror.org/05j3snm48$$uINFN, Trieste
002789806 700__ $$aMa, Yugang$$iINSPIRE-00183893$$tROR:https://ror.org/013q1eq08$$uFudan U., Shanghai
002789806 700__ $$aMaevskaya, Alla$$iINSPIRE-00248542$$tROR:https://ror.org/01a1xfd09$$uMoscow, INR
002789806 700__ $$aMager, Magnus$$iINSPIRE-00248536$$tROR:https://ror.org/01ggx4157$$uCERN
002789806 700__ $$aMahmoud, Tariq$$iINSPIRE-00655322$$tROR:https://ror.org/041nas322$$uBonn U., HISKP
002789806 700__ $$aMaire, Antonin$$iINSPIRE-00248522$$jORCID:0000-0002-4831-2367$$tROR:https://ror.org/01g3mb532$$uStrasbourg, IPHC
002789806 700__ $$aMalaev, Mikhail$$iINSPIRE-00247010$$tROR:https://ror.org/037styt87$$uSt. Petersburg, INP
002789806 700__ $$aMalik, Nasir Mehdi$$tROR:https://ror.org/02retg991$$uJammu U.
002789806 700__ $$aMalik, Qasim Waheed$$iINSPIRE-00655695$$tROR:https://ror.org/01xtthb56$$uOslo U.
002789806 700__ $$aMalik, Salman Khurshid$$tROR:https://ror.org/02retg991$$uJammu U.
002789806 700__ $$aMalinina, Liudmila$$iINSPIRE-00361332$$jORCID:0000-0003-1723-4121$$tROR:https://ror.org/044yd9t77$$uDubna, JINR
002789806 700__ $$aMal Kevich, Dmitry$$iINSPIRE-00289856$$tROR:https://ror.org/0238gz740$$uMoscow, ITEP
002789806 700__ $$aMallick, Dukhishyam$$iINSPIRE-00585858$$tROR:https://ror.org/02r2k1c68$$uNISER, Jatni
002789806 700__ $$aMallick, Neelkamal$$tROR:https://ror.org/01hhf7w52$$uIndian Inst. Tech., Indore
002789806 700__ $$aMandaglio, Giuseppe$$jORCID:0000-0003-4486-4807$$tROR:https://ror.org/05ctdxz19$$tROR:https://ror.org/02pq29p90$$uU. Messina$$uINFN, Catania
002789806 700__ $$aManko, Vladislav$$iINSPIRE-00242429$$jORCID:0000-0002-4772-3615$$tROR:https://ror.org/00n1nz186$$uKurchatov Inst., Moscow
002789806 700__ $$aManso, Franck$$iINSPIRE-00250406$$tROR:https://ror.org/0214k6v65$$uClermont-Ferrand U.
002789806 700__ $$aManzari, Vito$$iINSPIRE-00104539$$jORCID:0000-0002-3102-1504$$tROR:https://ror.org/022hq6c49$$uINFN, Bari
002789806 700__ $$aMao, Yaxian$$iINSPIRE-00261802$$tROR:https://ror.org/03x1jna21$$uHua-Zhong Normal U.
002789806 700__ $$aMargagliotti, Giacomo Vito$$iINSPIRE-00104694$$jORCID:0000-0003-1965-7953$$tROR:https://ror.org/02n742c10$$uTrieste U.$$uINFN, Trieste
002789806 700__ $$aMargotti, Anselmo$$iINSPIRE-00172043$$jORCID:0000-0003-2146-0391$$tROR:https://ror.org/04j0x0h93$$uINFN, Bologna
002789806 700__ $$aMarin, Ana Maria$$iINSPIRE-00244688$$jORCID:0000-0002-9069-0353$$tROR:https://ror.org/02k8cbn47$$uDarmstadt, EMMI
002789806 700__ $$aMarkert, Christina$$iINSPIRE-00104805$$jORCID:0000-0001-9675-4322$$tROR:https://ror.org/00hj54h04$$uTexas U.
002789806 700__ $$aMarquard, Marco$$iINSPIRE-00361344$$tROR:https://ror.org/04cvxnb49$$uFrankfurt U., Inst. Kernphys.
002789806 700__ $$aMartin, Nicole Alice$$iINSPIRE-00361356$$tROR:https://ror.org/038t36y30$$uHeidelberg U.
002789806 700__ $$aMartinengo, Paolo$$iINSPIRE-00254826$$tROR:https://ror.org/01ggx4157$$uCERN
002789806 700__ $$aMartinez, Jacobb Lee$$iINSPIRE-00655336$$tROR:https://ror.org/048sx0r50$$uHouston U.
002789806 700__ $$aMartinez Hernandez, Mario Ivan$$iINSPIRE-00300172$$tROR:https://ror.org/03p2z7827$$uPuebla U., Mexico
002789806 700__ $$aMartinez-garcia, Gines$$iINSPIRE-00105190$$jORCID:0000-0002-8657-6742$$tROR:https://ror.org/01kxesq83$$uSUBATECH, Nantes
002789806 700__ $$aMasciocchi, Silvia$$iINSPIRE-00272436$$jORCID:0000-0002-2064-6517$$tROR:https://ror.org/02k8cbn47$$uDarmstadt, EMMI
002789806 700__ $$aMasera, Massimo$$iINSPIRE-00105418$$jORCID:0000-0003-1880-5467$$tROR:https://ror.org/048tbm396$$uTurin U.$$uINFN, Turin
002789806 700__ $$aMasoni, Alberto$$iINSPIRE-00289880$$jORCID:0000-0002-2699-1522$$tROR:https://ror.org/03paz5966$$uINFN, Cagliari
002789806 700__ $$aMassacrier, Laure Marie$$iINSPIRE-00246982$$jORCID:0000-0002-5475-5092$$tROR:https://ror.org/03gc1p724$$uIJCLab, Orsay
002789806 700__ $$aMastroserio, Annalisa$$iINSPIRE-00248428$$jORCID:0000-0003-3711-8902$$tROR:https://ror.org/022hq6c49$$uINFN, Bari$$uFoggia U.
002789806 700__ $$aMathis, Andreas Michael$$iINSPIRE-00574444$$jORCID:0000-0001-7604-9116$$uTech. U., Munich (main)
002789806 700__ $$aMatonoha, Oliver$$tROR:https://ror.org/012a77v79$$uLund U.
002789806 700__ $$aToledo Matuoka, Paula Fernanda$$iINSPIRE-00586302$$tROR:https://ror.org/036rp1748$$uSao Paulo U.
002789806 700__ $$aMatyja, Adam Tomasz$$iINSPIRE-00244090$$jORCID:0000-0002-4524-563X$$tROR:https://ror.org/01n78t774$$uCracow, INP
002789806 700__ $$aMayer, Christoph$$iINSPIRE-00361368$$jORCID:0000-0003-2570-8278$$tROR:https://ror.org/01n78t774$$uCracow, INP
002789806 700__ $$aLafuente Mazuecos, Antonio$$tROR:https://ror.org/01ggx4157$$uCERN
002789806 700__ $$aMazzaschi, Francesco$$tROR:https://ror.org/048tbm396$$uTurin U.$$uINFN, Turin
002789806 700__ $$aMazzilli, Marianna$$iINSPIRE-00564260$$tROR:https://ror.org/01ggx4157$$uCERN
002789806 700__ $$aMazzoni, Alessandra Maria$$iINSPIRE-00106051$$jORCID:0000-0003-3558-6446$$tROR:https://ror.org/05eva6s33$$uINFN, Rome
002789806 700__ $$aMdhluli, Joyful Elma$$jORCID:0000-0002-9745-0504$$tROR:https://ror.org/03rp50x72$$uWitwatersrand U.
002789806 700__ $$aMechler, Adrian Florin$$tROR:https://ror.org/04cvxnb49$$uFrankfurt U., Inst. Kernphys.
002789806 700__ $$aMelikyan, Yury$$iINSPIRE-00531341$$jORCID:0000-0002-4165-505X$$tROR:https://ror.org/01a1xfd09$$uMoscow, INR
002789806 700__ $$aMenchaca-rocha, Arturo Alejandro$$iINSPIRE-00244703$$tROR:https://ror.org/01tmp8f25$$uMexico U.
002789806 700__ $$aMeninno, Elisa$$iINSPIRE-00507326$$jORCID:0000-0003-4389-7711$$tROR:https://ror.org/0192m2k53$$tROR:https://ror.org/05kdjqf72$$uSalerno U.$$uINFN, Salerno$$uStefan Meyer Inst. Subatomare Phys.
002789806 700__ $$aSasikumar Menon, Anjaly$$tROR:https://ror.org/048sx0r50$$uHouston U.
002789806 700__ $$aMeres, Michal$$iINSPIRE-00245096$$tROR:https://ror.org/0587ef340$$uComenius U.
002789806 700__ $$aMhlanga, Sibaliso$$iINSPIRE-00564240$$tROR:https://ror.org/002kje223$$tROR:https://ror.org/03p74gp79$$uiThemba LABS$$uCape Town U.
002789806 700__ $$aMiake, Yasuo$$iINSPIRE-00242486$$tROR:https://ror.org/02956yf07$$uTsukuba U.
002789806 700__ $$aMicheletti, Luca$$iINSPIRE-00658610$$jORCID:0000-0002-1430-6655$$tROR:https://ror.org/01vj6ck58$$uINFN, Turin
002789806 700__ $$aMigliorin, Lucrezia Camilla$$tROR:https://ror.org/03z4c6358$$uIP2I, Lyon
002789806 700__ $$aMihaylov, Dimitar Lubomirov$$iINSPIRE-00580281$$uTech. U., Munich (main)
002789806 700__ $$aMikhaylov, Konstantin$$iINSPIRE-00245462$$jORCID:0000-0002-6726-6407$$tROR:https://ror.org/044yd9t77$$tROR:https://ror.org/0238gz740$$uDubna, JINR$$uMoscow, ITEP
002789806 700__ $$aMishra, Aditya Nath$$iINSPIRE-00361381$$tROR:https://ror.org/035dsb084$$uWigner RCP, Budapest
002789806 700__ $$aMiskowiec, Dariusz Czeslaw$$iINSPIRE-00108019$$jORCID:0000-0002-8627-9721$$tROR:https://ror.org/02k8cbn47$$uDarmstadt, EMMI
002789806 700__ $$aModak, Abhi$$tROR:https://ror.org/01a5mqy88$$uBose Inst., Kolkata$$uCAPSS, Kolkata
002789806 700__ $$aMohanty, Auro Prasad$$iINSPIRE-00639292$$tROR:https://ror.org/04pp8hn57$$uUtrecht U.
002789806 700__ $$aMohanty, Bedangadas$$iINSPIRE-00146508$$jORCID:0000-0001-9610-2914$$tROR:https://ror.org/02r2k1c68$$uNISER, Jatni
002789806 700__ $$aKhan, Mohammed Mohisin$$iINSPIRE-00244581$$tROR:https://ror.org/03kw9gc02$$uAligarh Muslim U.
002789806 700__ $$aMolander, Mikael Andreas$$jORCID:0000-0003-2845-8702$$tROR:https://ror.org/01x2x1522$$uHelsinki Inst. of Phys.
002789806 700__ $$aMoravcova, Zuzana$$jORCID:0000-0002-4512-1645$$tROR:https://ror.org/035b05819$$uBohr Inst.
002789806 700__ $$aMordasini, Cindy$$iINSPIRE-00663780$$jORCID:0000-0002-3265-9614$$uTech. U., Munich (main)
002789806 700__ $$aMoreira De Godoy, Denise Aparecida$$iINSPIRE-00245954$$tROR:https://ror.org/00pd74e08$$uMunster U.
002789806 700__ $$aMorozov, Igor$$tROR:https://ror.org/01a1xfd09$$uMoscow, INR
002789806 700__ $$aMorsch, Andreas$$iINSPIRE-00289930$$tROR:https://ror.org/01ggx4157$$uCERN
002789806 700__ $$aMrnjavac, Teo$$iINSPIRE-00644116$$tROR:https://ror.org/01ggx4157$$uCERN
002789806 700__ $$aMuccifora, Valeria$$iINSPIRE-00139164$$jORCID:0000-0002-5624-6486$$tROR:https://ror.org/049jf1a25$$uFrascati
002789806 700__ $$aMudnic, Eugen$$iINSPIRE-00248333$$uSplit Tech. U.
002789806 700__ $$aMuhlheim, Daniel Michael$$iINSPIRE-00416728$$jORCID:0000-0002-9760-7508$$tROR:https://ror.org/00pd74e08$$uMunster U.
002789806 700__ $$aMuhuri, Sanjib$$iINSPIRE-00248321$$tROR:https://ror.org/01v4s0f07$$uCalcutta, VECC
002789806 700__ $$aMulligan, James Declan$$iINSPIRE-00507724$$jORCID:0000-0002-6905-4352$$tROR:https://ror.org/02jbv0t02$$uLBL, Berkeley
002789806 700__ $$aMulliri, Alice$$tROR:https://ror.org/003109y17$$uCagliari U.$$uINFN, Cagliari
002789806 700__ $$aGameiro Munhoz, Marcelo$$iINSPIRE-00182574$$jORCID:0000-0003-3695-3180$$tROR:https://ror.org/036rp1748$$uSao Paulo U.
002789806 700__ $$aMunzer, Robert Helmut$$iINSPIRE-00531366$$jORCID:0000-0002-8334-6933$$tROR:https://ror.org/04cvxnb49$$uFrankfurt U., Inst. Kernphys.
002789806 700__ $$aMurakami, Hikari$$iINSPIRE-00548414$$tROR:https://ror.org/057zh3y96$$uTokyo U.
002789806 700__ $$aMurray, Sean$$iINSPIRE-00383510$$jORCID:0000-0003-0548-588X$$tROR:https://ror.org/03p74gp79$$uCape Town U.
002789806 700__ $$aMusa, Luciano$$iINSPIRE-00250444$$tROR:https://ror.org/01ggx4157$$uCERN
002789806 700__ $$aMusinsky, Jan$$iINSPIRE-00385520$$uKosice, IEF
002789806 700__ $$aMyrcha, Julian Wojciech$$iINSPIRE-00564291$$tROR:https://ror.org/00y0xnp53$$uWarsaw U. of Tech.
002789806 700__ $$aNaik, Bharati$$iINSPIRE-00531375$$tROR:https://ror.org/03rp50x72$$uWitwatersrand U.
002789806 700__ $$aNair, Rahul Ramachandran$$iINSPIRE-00531380$$jORCID:0000-0001-8326-9846$$tROR:https://ror.org/00nzsxq20$$uWarsaw, Inst. Nucl. Studies
002789806 700__ $$aNandi, Basanta Kumar$$iINSPIRE-00182588$$tROR:https://ror.org/02qyf5152$$uIndian Inst. Tech., Mumbai
002789806 700__ $$aNania, Rosario$$iINSPIRE-00172055$$jORCID:0000-0002-6039-190X$$tROR:https://ror.org/04j0x0h93$$uINFN, Bologna
002789806 700__ $$aNappi, Eugenio$$iINSPIRE-00110416$$jORCID:0000-0003-2080-9010$$tROR:https://ror.org/022hq6c49$$uINFN, Bari
002789806 700__ $$aNassirpour, Adrian Fereydon$$iINSPIRE-00664110$$tROR:https://ror.org/012a77v79$$uLund U.
002789806 700__ $$aNath, Abhishek$$tROR:https://ror.org/038t36y30$$uHeidelberg U.
002789806 700__ $$aNattrass, Christine$$iINSPIRE-00301613$$jORCID:0000-0002-8768-6468$$tROR:https://ror.org/020f3ap87$$uTennessee U.
002789806 700__ $$aNeagu, Alexandra$$tROR:https://ror.org/01xtthb56$$uOslo U.
002789806 700__ $$aNegru, Adrian-eduard$$tROR:https://ror.org/0558j5q12
002789806 700__ $$aNellen, Lukas$$iINSPIRE-00110793$$jORCID:0000-0003-1059-8731$$tROR:https://ror.org/01tmp8f25$$uMexico U., ICN
002789806 700__ $$aNesbo, Simon Voigt$$iINSPIRE-00564307$$tROR:https://ror.org/05phns765$$uBergen Coll. Higher Educ.
002789806 700__ $$aNeskovic, Gvozden$$iINSPIRE-00641208$$jORCID:0000-0001-8585-7991$$tROR:https://ror.org/04cvxnb49$$uFrankfurt U., FIAS
002789806 700__ $$aNesterov, Dmitrii$$tROR:https://ror.org/023znxa73$$uSt. Petersburg State U.
002789806 700__ $$aNielsen, Borge Svane$$iINSPIRE-00111394$$jORCID:0000-0002-0091-1934$$tROR:https://ror.org/035b05819$$uBohr Inst.
002789806 700__ $$aNielsen, Emil Gorm$$tROR:https://ror.org/035b05819$$uBohr Inst.
002789806 700__ $$aNikolaev, Sergey$$iINSPIRE-00111550$$tROR:https://ror.org/00n1nz186$$uKurchatov Inst., Moscow
002789806 700__ $$aNikulin, Sergey$$iINSPIRE-00248281$$tROR:https://ror.org/00n1nz186$$uKurchatov Inst., Moscow
002789806 700__ $$aNikulin, Vladimir$$iINSPIRE-00248270$$tROR:https://ror.org/037styt87$$uSt. Petersburg, INP
002789806 700__ $$aNoferini, Francesco$$iINSPIRE-00248268$$jORCID:0000-0002-6704-0256$$tROR:https://ror.org/04j0x0h93$$uINFN, Bologna
002789806 700__ $$aNoh, Seoyoung$$jORCID:0000-0001-6104-1752$$tROR:https://ror.org/02wnxgj78$$uJeonbuk Natl. U.
002789806 700__ $$aNomokonov, Petr$$iINSPIRE-00246900$$tROR:https://ror.org/044yd9t77$$uDubna, JINR
002789806 700__ $$aNorman, Jaime$$iINSPIRE-00416828$$tROR:https://ror.org/04xs57h96$$uLiverpool U.
002789806 700__ $$aNovitzky, Norbert$$iINSPIRE-00248244$$tROR:https://ror.org/02956yf07$$uTsukuba U.
002789806 700__ $$aNowakowski, Piotr$$tROR:https://ror.org/00y0xnp53$$uWarsaw U. of Tech.
002789806 700__ $$aNyanin, Alexander$$iINSPIRE-00242683$$tROR:https://ror.org/00n1nz186$$uKurchatov Inst., Moscow
002789806 700__ $$aNystrand, Joakim Ingemar$$iINSPIRE-00244103$$tROR:https://ror.org/03zga2b32$$uBergen U.
002789806 700__ $$aOgino, Masanori$$uNagasaki Inst. Appl. Sci.
002789806 700__ $$aOhlson, Alice Elisabeth$$iINSPIRE-00254942$$jORCID:0000-0002-4214-5844$$tROR:https://ror.org/012a77v79$$uLund U.
002789806 700__ $$aOkorokov, Vitaly$$iINSPIRE-00182661$$jORCID:0000-0002-7162-5345$$tROR:https://ror.org/04w8z7f34$$uMoscow Phys. Eng. Inst.
002789806 700__ $$aOleniacz, Janusz$$iINSPIRE-00248235$$jORCID:0000-0003-2966-4903$$tROR:https://ror.org/00y0xnp53$$uWarsaw U. of Tech.
002789806 700__ $$aOliveira Da Silva, Antonio Carlos$$iINSPIRE-00361460$$jORCID:0000-0002-9421-5568$$tROR:https://ror.org/020f3ap87$$uTennessee U.
002789806 700__ $$aOliver, Michael Henry$$iINSPIRE-00508240$$jORCID:0000-0001-5241-6735$$tROR:https://ror.org/03v76x132$$uYale U.
002789806 700__ $$aOnnerstad, Anna$$tROR:https://ror.org/05n3dz165$$uJyvaskyla U.
002789806 700__ $$aOppedisano, Chiara$$iINSPIRE-00290024$$jORCID:0000-0001-6194-4601$$tROR:https://ror.org/01vj6ck58$$uINFN, Turin
002789806 700__ $$aOrtiz Velasquez, Antonio$$iINSPIRE-00248229$$jORCID:0000-0002-4788-7943$$tROR:https://ror.org/01tmp8f25$$uMexico U., ICN
002789806 700__ $$aOsako, Takumi$$tROR:https://ror.org/03t78wx29$$uHiroshima U.
002789806 700__ $$aOskarsson, Anders Nils Erik$$iINSPIRE-00242747$$tROR:https://ror.org/012a77v79$$uLund U.
002789806 700__ $$aOtwinowski, Jacek Tomasz$$iINSPIRE-00244142$$tROR:https://ror.org/01n78t774$$uCracow, INP
002789806 700__ $$aOya, Motomi$$tROR:https://ror.org/03t78wx29$$uHiroshima U.
002789806 700__ $$aOyama, Ken$$iINSPIRE-00113667$$uNagasaki Inst. Appl. Sci.
002789806 700__ $$aPachmayer, Yvonne Chiara$$iINSPIRE-00290030$$jORCID:0000-0001-6142-1528$$tROR:https://ror.org/038t36y30$$uHeidelberg U.
002789806 700__ $$aPadhan, Sonali$$tROR:https://ror.org/02qyf5152$$uIndian Inst. Tech., Mumbai
002789806 700__ $$aPagano, Davide$$iINSPIRE-00313673$$jORCID:0000-0003-0333-448X$$tROR:https://ror.org/01st30669$$tROR:https://ror.org/02q2d2610$$uINFN, Pavia$$uU. Brescia
002789806 700__ $$aPaic, Guy$$iINSPIRE-00113938$$tROR:https://ror.org/01tmp8f25$$uMexico U., ICN
002789806 700__ $$aPalasciano, Antonio$$tROR:https://ror.org/022hq6c49$$uINFN, Bari
002789806 700__ $$aPan, Jinjin$$iINSPIRE-00508257$$jORCID:0000-0002-1061-5581$$tROR:https://ror.org/01070mq45$$uWayne State U.
002789806 700__ $$aPanebianco, Stefano$$iINSPIRE-00521498$$jORCID:0000-0002-0343-2082$$tROR:https://ror.org/05k705z76$$uIRFU, Saclay
002789806 700__ $$aPark, Jonghan$$iINSPIRE-00568414$$jORCID:0000-0002-2540-2394$$tROR:https://ror.org/01easw929$$uInha U.
002789806 700__ $$aParkkila, Jasper Elias$$iINSPIRE-00651338$$jORCID:0000-0002-5166-5788$$tROR:https://ror.org/05n3dz165$$uJyvaskyla U.
002789806 700__ $$aPathak, Surya Prakash$$iINSPIRE-00320809$$tROR:https://ror.org/048sx0r50$$uHouston U.
002789806 700__ $$aPatra, Rajendra Nath$$iINSPIRE-00522505$$tROR:https://ror.org/01ggx4157$$tROR:https://ror.org/02retg991$$uCERN$$uJammu U.
002789806 700__ $$aPaul, Biswarup$$iINSPIRE-00361484$$jORCID:0000-0002-1461-3743$$tROR:https://ror.org/003109y17$$uCagliari U.$$uINFN, Cagliari
002789806 700__ $$aPei, Hua$$iINSPIRE-00242789$$tROR:https://ror.org/03x1jna21$$uHua-Zhong Normal U.
002789806 700__ $$aPeitzmann, Thomas$$iINSPIRE-00182726$$jORCID:0000-0002-7116-899X$$tROR:https://ror.org/04pp8hn57$$uUtrecht U.
002789806 700__ $$aPeng, Xinye$$iINSPIRE-00564353$$jORCID:0000-0003-0759-2283$$tROR:https://ror.org/03x1jna21$$uHua-Zhong Normal U.
002789806 700__ $$aPereira, Luis Gustavo$$iINSPIRE-00564361$$jORCID:0000-0001-5496-580X$$tROR:https://ror.org/041yk2d64$$uRio Grande do Sul U.
002789806 700__ $$aPereira Da Costa, Hugo Denis Antonio$$iINSPIRE-00242790$$jORCID:0000-0002-3863-352X$$tROR:https://ror.org/05k705z76$$uIRFU, Saclay
002789806 700__ $$aPeresunko, Dmitry Yurevich$$iINSPIRE-00246415$$tROR:https://ror.org/00v0z9322$$tROR:https://ror.org/00n1nz186$$uMoscow, MIPT$$uKurchatov Inst., Moscow
002789806 700__ $$aMesa Perez, Guillermo$$iINSPIRE-00665222$$jORCID:0000-0001-8817-5013$$uHavana, CEADEN
002789806 700__ $$aPerrin, Sebastien$$jORCID:0000-0002-1192-137X$$tROR:https://ror.org/05k705z76$$uIRFU, Saclay
002789806 700__ $$aPestov, Yury$$iINSPIRE-00248095$$tROR:https://ror.org/03e5eem51$$uNovosibirsk, IYF
002789806 700__ $$aPetracek, Vojtech$$iINSPIRE-00250478$$jORCID:0000-0002-4057-3415$$tROR:https://ror.org/03kqpb082$$uPrague, Tech. U.
002789806 700__ $$aPetrovici, Mihai$$iINSPIRE-00290111$$tROR:https://ror.org/00d3pnh21$$uBucharest, IFIN-HH
002789806 700__ $$aPeretti Pezzi, Rafael$$iINSPIRE-00564375$$jORCID:0000-0002-0452-3103$$tROR:https://ror.org/041yk2d64$$tROR:https://ror.org/01kxesq83$$uRio Grande do Sul U.$$uSUBATECH, Nantes
002789806 700__ $$aPiano, Stefano$$iINSPIRE-00249971$$jORCID:0000-0003-4903-9865$$tROR:https://ror.org/05j3snm48$$uINFN, Trieste
002789806 700__ $$aPikna, Miroslav$$iINSPIRE-00116456$$tROR:https://ror.org/0587ef340$$uComenius U.
002789806 700__ $$aPillot, Philippe$$iINSPIRE-00290120$$jORCID:0000-0002-9067-0803$$tROR:https://ror.org/01kxesq83$$uSUBATECH, Nantes
002789806 700__ $$aPinazza, Ombretta$$iINSPIRE-00290138$$jORCID:0000-0001-8923-4003$$tROR:https://ror.org/01ggx4157$$tROR:https://ror.org/04j0x0h93$$uCERN$$uINFN, Bologna
002789806 700__ $$aPinsky, Lawrence$$iINSPIRE-00116547$$tROR:https://ror.org/048sx0r50$$uHouston U.
002789806 700__ $$aPinto, Chiara$$jORCID:0000-0001-7454-4324$$tROR:https://ror.org/03a64bh57$$uCatania U.$$uINFN, Catania
002789806 700__ $$aPisano, Silvia$$iINSPIRE-00580342$$tROR:https://ror.org/049jf1a25$$uFrascati
002789806 700__ $$aPloskon, Mateusz Andrzej$$iINSPIRE-00248071$$jORCID:0000-0003-3161-9183$$tROR:https://ror.org/02jbv0t02$$uLBL, Berkeley
002789806 700__ $$aPlaninic, Mirko$$iINSPIRE-00182770$$tROR:https://ror.org/00mv6sv71$$uZagreb U.
002789806 700__ $$aPliquett, Fabian$$iINSPIRE-00584629$$tROR:https://ror.org/04cvxnb49$$uFrankfurt U., Inst. Kernphys.
002789806 700__ $$aPoghosyan, Martin$$iINSPIRE-00249924$$tROR:https://ror.org/01qz5mb56$$uOak Ridge
002789806 700__ $$aPolishchuk, Boris$$iINSPIRE-00248058$$tROR:https://ror.org/03kn4xv14$$uSerpukhov, IHEP
002789806 700__ $$aPolitano, Stefano$$tROR:https://ror.org/00bgk9508$$uTurin Polytechnic
002789806 700__ $$aPoljak, Nikola$$iINSPIRE-00182793$$jORCID:0000-0002-4512-9620$$tROR:https://ror.org/00mv6sv71$$uZagreb U.
002789806 700__ $$aPop, Amalia$$iINSPIRE-00290166$$jORCID:0000-0003-0425-5724$$tROR:https://ror.org/00d3pnh21$$uBucharest, IFIN-HH
002789806 700__ $$aPorteboeuf, Sarah Julie$$iINSPIRE-00207321$$jORCID:0000-0002-2646-6189$$tROR:https://ror.org/0214k6v65$$uClermont-Ferrand U.
002789806 700__ $$aPorter, R. Jefferson$$iINSPIRE-00254707$$jORCID:0000-0002-6265-8794$$tROR:https://ror.org/02jbv0t02$$uLBL, Berkeley
002789806 700__ $$aPozdniakov, Valeriy$$iINSPIRE-00237200$$tROR:https://ror.org/044yd9t77$$uDubna, JINR
002789806 700__ $$aPrasad, Sidharth Kumar$$iINSPIRE-00244190$$tROR:https://ror.org/01a5mqy88$$uBose Inst., Kolkata$$uCAPSS, Kolkata
002789806 700__ $$aPreghenella, Roberto$$iINSPIRE-00246857$$jORCID:0000-0002-1539-9275$$tROR:https://ror.org/04j0x0h93$$uINFN, Bologna
002789806 700__ $$aPrino, Francesco$$iINSPIRE-00270661$$jORCID:0000-0002-6179-150X$$tROR:https://ror.org/01vj6ck58$$uINFN, Turin
002789806 700__ $$aPruneau, Claude Andre$$iINSPIRE-00182834$$jORCID:0000-0002-0458-538X$$tROR:https://ror.org/01070mq45$$uWayne State U.
002789806 700__ $$aPshenichnov, Igor$$iINSPIRE-00117975$$jORCID:0000-0003-1752-4524$$tROR:https://ror.org/01a1xfd09$$uMoscow, INR
002789806 700__ $$aPuccio, Maximiliano$$iINSPIRE-00508690$$jORCID:0000-0002-8118-9049$$tROR:https://ror.org/01ggx4157$$uCERN
002789806 700__ $$aQiu, Shi$$jORCID:0000-0003-1401-5900$$tROR:https://ror.org/00f9tz983$$uNikhef, Amsterdam
002789806 700__ $$aQuaglia, Luca$$tROR:https://ror.org/048tbm396$$uTurin U.$$uINFN, Turin
002789806 700__ $$aQuishpe Quishpe, Raquel Estefania$$iINSPIRE-00411481$$tROR:https://ror.org/048sx0r50$$uHouston U.
002789806 700__ $$aRagoni, Simone$$tROR:https://ror.org/03angcq70$$uBirmingham U.
002789806 700__ $$aRakotozafindrabe, Andry Malala$$iINSPIRE-00030930$$jORCID:0000-0003-4484-6430$$tROR:https://ror.org/05k705z76$$uIRFU, Saclay
002789806 700__ $$aRamello, Luciano$$iINSPIRE-00118788$$jORCID:0000-0003-2325-8680$$tROR:https://ror.org/04387x656$$uPiemonte Orientale U., Alessandria
002789806 700__ $$aRami, Fouad$$iINSPIRE-00531399$$tROR:https://ror.org/01g3mb532$$uStrasbourg, IPHC
002789806 700__ $$aRodriguez Ramirez, Saul Anibal$$tROR:https://ror.org/03p2z7827$$uPuebla U., Mexico
002789806 700__ $$aTorres Ramos, Arianna Grisel$$tROR:https://ror.org/027ynra39$$uBari U.$$uINFN, Bari
002789806 700__ $$aRancien, Thibaut Albert$$tROR:https://ror.org/03f0apy98$$uLPSC, Grenoble
002789806 700__ $$aRaniwala, Rashmi$$iINSPIRE-00182881$$jORCID:0000-0002-9172-5474$$tROR:https://ror.org/05arfhc56$$uRajasthan U.
002789806 700__ $$aRaniwala, Sudhir$$iINSPIRE-00182870$$tROR:https://ror.org/05arfhc56$$uRajasthan U.
002789806 700__ $$aRasanen, Sami Sakari$$iINSPIRE-00290180$$jORCID:0000-0001-6792-7773$$tROR:https://ror.org/01x2x1522$$uHelsinki Inst. of Phys.
002789806 700__ $$aRath, Rutuparna$$iINSPIRE-00657512$$jORCID:0000-0002-0118-3131$$tROR:https://ror.org/01hhf7w52$$uIndian Inst. Tech., Indore
002789806 700__ $$aRavasenga, Ivan$$iINSPIRE-00564657$$jORCID:0000-0001-6120-4726$$tROR:https://ror.org/00f9tz983$$uNikhef, Amsterdam
002789806 700__ $$aRead, Kenneth Francis$$iINSPIRE-00119330$$jORCID:0000-0002-3358-7667$$tROR:https://ror.org/01qz5mb56$$tROR:https://ror.org/020f3ap87$$uOak Ridge$$uTennessee U.
002789806 700__ $$aRedelbach, Andreas Ralph$$tROR:https://ror.org/04cvxnb49$$uFrankfurt U., FIAS
002789806 700__ $$aRedlich, Krzysztof$$iINSPIRE-00119427$$tROR:https://ror.org/00nzsxq20$$uWarsaw, Inst. Nucl. Studies
002789806 700__ $$aRehman, Attiq Ur$$iINSPIRE-00244772$$tROR:https://ror.org/03zga2b32$$uBergen U.
002789806 700__ $$aReichelt, Patrick Simon$$iINSPIRE-00245747$$tROR:https://ror.org/04cvxnb49$$uFrankfurt U., Inst. Kernphys.
002789806 700__ $$aReidt, Felix$$iINSPIRE-00246160$$jORCID:0000-0002-5263-3593$$tROR:https://ror.org/01ggx4157$$uCERN
002789806 700__ $$aReme-ness, Haakon Andre$$tROR:https://ror.org/05phns765$$uBergen Coll. Higher Educ.
002789806 700__ $$aJakubcinova, Zuzana$$tROR:https://ror.org/039965637$$uKosice U.
002789806 700__ $$aReygers, Klaus Johannes$$iINSPIRE-00242889$$jORCID:0000-0001-9808-1811$$tROR:https://ror.org/038t36y30$$uHeidelberg U.
002789806 700__ $$aRiabov, Andrei$$tROR:https://ror.org/037styt87$$uSt. Petersburg, INP
002789806 700__ $$aRiabov, Viktor$$iINSPIRE-00242892$$tROR:https://ror.org/037styt87$$uSt. Petersburg, INP
002789806 700__ $$aRichert, Tuva Ora Herenui$$iINSPIRE-00361510$$tROR:https://ror.org/012a77v79$$uLund U.
002789806 700__ $$aRichter, Matthias Rudolph$$iINSPIRE-00244201$$tROR:https://ror.org/01xtthb56$$uOslo U.
002789806 700__ $$aRiegler, Werner$$iINSPIRE-00250574$$tROR:https://ror.org/01ggx4157$$uCERN
002789806 700__ $$aRiggi, Francesco$$iINSPIRE-00290213$$jORCID:0000-0002-0030-8377$$tROR:https://ror.org/03a64bh57$$uCatania U.$$uINFN, Catania
002789806 700__ $$aRistea, Catalin-lucian$$iINSPIRE-00508900$$tROR:https://ror.org/054a6wv56$$uBucharest, Inst. Space Science
002789806 700__ $$aRodriguez Cahuantzi, Mario$$iINSPIRE-00247954$$jORCID:0000-0002-9596-1060$$tROR:https://ror.org/03p2z7827$$uPuebla U., Mexico
002789806 700__ $$aRoeed, Ketil$$iINSPIRE-00247948$$tROR:https://ror.org/01xtthb56$$uOslo U.
002789806 700__ $$aRogalev, Roman$$iINSPIRE-00574457$$tROR:https://ror.org/03kn4xv14$$uSerpukhov, IHEP
002789806 700__ $$aRogochaya, Elena$$iINSPIRE-00385804$$jORCID:0000-0002-4278-5999$$tROR:https://ror.org/044yd9t77$$uDubna, JINR
002789806 700__ $$aRogoschinski, Tim Sebastian$$jORCID:0000-0002-0649-2283$$tROR:https://ror.org/04cvxnb49$$uFrankfurt U., Inst. Kernphys.
002789806 700__ $$aRohr, David Michael$$iINSPIRE-00248142$$jORCID:0000-0003-4101-0160$$tROR:https://ror.org/01ggx4157$$uCERN
002789806 700__ $$aRoehrich, Dieter$$iINSPIRE-00250583$$tROR:https://ror.org/03zga2b32$$uBergen U.
002789806 700__ $$aFierro Rojas, Pablo$$tROR:https://ror.org/03p2z7827$$uPuebla U., Mexico
002789806 700__ $$aRojas Torres, Solangel$$iINSPIRE-00648200$$jORCID:0000-0002-2361-2662$$tROR:https://ror.org/03kqpb082$$uPrague, Tech. U.
002789806 700__ $$aRokita, Przemyslaw Stefan$$iINSPIRE-00564661$$tROR:https://ror.org/00y0xnp53$$uWarsaw U. of Tech.
002789806 700__ $$aRonchetti, Federico$$iINSPIRE-00139171$$jORCID:0000-0001-5245-8441$$tROR:https://ror.org/049jf1a25$$uFrascati
002789806 700__ $$aRosano, Antonina$$jORCID:0000-0002-6467-2418$$tROR:https://ror.org/05ctdxz19$$tROR:https://ror.org/02pq29p90$$uU. Messina$$uINFN, Catania
002789806 700__ $$aDominguez Rosas, Edgar$$iINSPIRE-00576935$$tROR:https://ror.org/01tmp8f25$$uMexico U., ICN
002789806 700__ $$aRossi, Andrea$$iINSPIRE-00290284$$jORCID:0000-0002-6067-6294$$tROR:https://ror.org/00z34yn88$$uINFN, Padua
002789806 700__ $$aRoy, Ankhi$$iINSPIRE-00385891$$tROR:https://ror.org/01hhf7w52$$uIndian Inst. Tech., Indore
002789806 700__ $$aRoy, Pradip Kumar$$iINSPIRE-00290300$$tROR:https://ror.org/0491yz035$$uSaha Inst.
002789806 700__ $$aRoy, Subhadeep$$tROR:https://ror.org/02qyf5152$$uIndian Inst. Tech., Mumbai
002789806 700__ $$aRubini, Nicola$$tROR:https://ror.org/01111rn36$$uBologna U.$$uINFN, Bologna
002789806 700__ $$aVazquez Rueda, Omar$$iINSPIRE-00570190$$tROR:https://ror.org/012a77v79$$uLund U.
002789806 700__ $$aRuggiano, Daniela$$tROR:https://ror.org/00y0xnp53$$uWarsaw U. of Tech.
002789806 700__ $$aRui, Rinaldo$$iINSPIRE-00121777$$jORCID:0000-0002-6993-0332$$tROR:https://ror.org/02n742c10$$uTrieste U.$$uINFN, Trieste
002789806 700__ $$aRumyantsev, Boris$$iINSPIRE-00578882$$tROR:https://ror.org/044yd9t77$$uDubna, JINR
002789806 700__ $$aRussek, Pawel Grzegorz$$tROR:https://ror.org/00bas1c41
002789806 700__ $$aRusso, Roberto$$tROR:https://ror.org/00f9tz983$$uNikhef, Amsterdam
002789806 700__ $$aRustamov, Anar$$iINSPIRE-00227304$$uNNRC, Baku
002789806 700__ $$aRyabinkin, Evgeny$$iINSPIRE-00246815$$tROR:https://ror.org/00n1nz186$$uKurchatov Inst., Moscow
002789806 700__ $$aRyabov, Yury$$iINSPIRE-00306193$$tROR:https://ror.org/037styt87$$uSt. Petersburg, INP
002789806 700__ $$aRybicki, Andrzej$$iINSPIRE-00250603$$tROR:https://ror.org/01n78t774$$uCracow, INP
002789806 700__ $$aRytkonen, Heidi Maria$$tROR:https://ror.org/05n3dz165$$uJyvaskyla U.
002789806 700__ $$aRzesa, Wioleta$$tROR:https://ror.org/00y0xnp53$$uWarsaw U. of Tech.
002789806 700__ $$aSaarimaki, Oskari Antti Matti$$tROR:https://ror.org/01x2x1522$$uHelsinki Inst. of Phys.
002789806 700__ $$aSadek, Rita$$tROR:https://ror.org/01kxesq83$$uSUBATECH, Nantes
002789806 700__ $$aSadovskiy, Sergey$$iINSPIRE-00247897$$jORCID:0000-0002-6781-416X$$tROR:https://ror.org/03kn4xv14$$uSerpukhov, IHEP
002789806 700__ $$aSaetre, Jon-are$$tROR:https://ror.org/03zga2b32$$uBergen U.
002789806 700__ $$aSafarik, Karel$$iINSPIRE-00290327$$jORCID:0000-0003-2512-5451$$tROR:https://ror.org/03kqpb082$$uPrague, Tech. U.
002789806 700__ $$aSaha, Sumit Kumar$$iINSPIRE-00568429$$tROR:https://ror.org/01v4s0f07$$uCalcutta, VECC
002789806 700__ $$aSaha, Swati$$tROR:https://ror.org/02r2k1c68$$uNISER, Jatni
002789806 700__ $$aSahoo, Baidyanath$$iINSPIRE-00564677$$jORCID:0000-0001-7383-4418$$tROR:https://ror.org/02qyf5152$$uIndian Inst. Tech., Mumbai
002789806 700__ $$aSahoo, Pragati$$iINSPIRE-00384329$$tROR:https://ror.org/02qyf5152$$uIndian Inst. Tech., Mumbai
002789806 700__ $$aSahoo, Raghunath$$iINSPIRE-00182966$$jORCID:0000-0003-3334-0661$$tROR:https://ror.org/01hhf7w52$$uIndian Inst. Tech., Indore
002789806 700__ $$aSahoo, Sarita$$iINSPIRE-00508953$$tROR:https://ror.org/01741jv66$$uBhubaneswar, Inst. Phys.
002789806 700__ $$aSahu, Dushmanta$$tROR:https://ror.org/01hhf7w52$$uIndian Inst. Tech., Indore
002789806 700__ $$aSahu, Pradip Kumar$$iINSPIRE-00122421$$tROR:https://ror.org/01741jv66$$uBhubaneswar, Inst. Phys.
002789806 700__ $$aSaini, Jogender$$iINSPIRE-00246803$$tROR:https://ror.org/01v4s0f07$$uCalcutta, VECC
002789806 700__ $$aSakai, Shingo$$iINSPIRE-00182972$$tROR:https://ror.org/02956yf07$$uTsukuba U.
002789806 700__ $$aPanikkassery Salvan, Malavika$$tROR:https://ror.org/02k8cbn47$$uDarmstadt, EMMI
002789806 700__ $$aSambyal, Sanjeev Singh$$iINSPIRE-00247865$$jORCID:0000-0002-5018-6902$$tROR:https://ror.org/02retg991$$uJammu U.
002789806 700__ $$aSamsonov, Vladimir$$iINSPIRE-00242999$$jORCID:0000-0002-8848-9781$$tROR:https://ror.org/04w8z7f34$$tROR:https://ror.org/037styt87$$uMoscow Phys. Eng. Inst.$$uSt. Petersburg, INP
002789806 700__ $$aBadaro Saramela, Thiago$$tROR:https://ror.org/036rp1748$$uSao Paulo U.
002789806 700__ $$aSarkar, Debojit$$iINSPIRE-00384381$$tROR:https://ror.org/01070mq45$$uWayne State U.
002789806 700__ $$aSarkar, Nachiketa$$iINSPIRE-00560376$$tROR:https://ror.org/01v4s0f07$$uCalcutta, VECC
002789806 700__ $$aSarma, Pranjal$$iINSPIRE-00548452$$tROR:https://ror.org/01ppj9r51$$uGauhati U.
002789806 700__ $$aMantovani Sarti, Valentina$$iINSPIRE-00476324$$uTech. U., Munich (main)
002789806 700__ $$aSas, Mike Henry Petrus$$iINSPIRE-00572407$$jORCID:0000-0003-1419-2085$$tROR:https://ror.org/03v76x132$$uYale U.
002789806 700__ $$aSchambach, Johann Joachim$$iINSPIRE-00123834$$tROR:https://ror.org/01qz5mb56$$uOak Ridge
002789806 700__ $$aScheid, Horst Sebastian$$iINSPIRE-00580969$$jORCID:0000-0003-1184-9627$$tROR:https://ror.org/04cvxnb49$$uFrankfurt U., Inst. Kernphys.
002789806 700__ $$aSchiaua, Claudiu Cornel$$iINSPIRE-00247838$$tROR:https://ror.org/00d3pnh21$$uBucharest, IFIN-HH
002789806 700__ $$aSchicker, Rainer Martin$$iINSPIRE-00244227$$tROR:https://ror.org/038t36y30$$uHeidelberg U.
002789806 700__ $$aSchmah, Alexander$$iINSPIRE-00254956$$tROR:https://ror.org/038t36y30$$uHeidelberg U.
002789806 700__ $$aSchmidt, Christian Joachim$$iINSPIRE-00244248$$tROR:https://ror.org/02k8cbn47$$uDarmstadt, EMMI
002789806 700__ $$aSchmidt, Hans Rudolf$$iINSPIRE-00290373$$uU. Tubingen
002789806 700__ $$aSchmidt, Marten Ole$$iINSPIRE-00571169$$jORCID:0000-0001-5335-1515$$tROR:https://ror.org/01ggx4157$$tROR:https://ror.org/038t36y30$$uCERN$$uHeidelberg U.
002789806 700__ $$aSchmidt, Martin$$iINSPIRE-00560380$$uU. Tubingen
002789806 700__ $$aSchmidt, Nicolas$$iINSPIRE-00640513$$jORCID:0000-0002-5795-4871$$tROR:https://ror.org/04cvxnb49$$tROR:https://ror.org/01qz5mb56$$uFrankfurt U., Inst. Kernphys.$$uOak Ridge
002789806 700__ $$aSchmier, Austin Robert$$tROR:https://ror.org/020f3ap87$$uTennessee U.
002789806 700__ $$aSchotter, Romain$$tROR:https://ror.org/01g3mb532$$uStrasbourg, IPHC
002789806 700__ $$aSchukraft, Jurgen$$iINSPIRE-00290390$$jORCID:0000-0002-6638-2932$$tROR:https://ror.org/01ggx4157$$uCERN
002789806 700__ $$aSchwarz, Kilian Eberhard$$iINSPIRE-00247800$$tROR:https://ror.org/02k8cbn47$$uDarmstadt, EMMI
002789806 700__ $$aSchweda, Kai Oliver$$iINSPIRE-00244251$$tROR:https://ror.org/02k8cbn47$$uDarmstadt, EMMI
002789806 700__ $$aScioli, Gilda$$iINSPIRE-00247797$$jORCID:0000-0003-0144-0713$$tROR:https://ror.org/01111rn36$$uBologna U.$$uINFN, Bologna
002789806 700__ $$aScomparin, Enrico$$iINSPIRE-00291684$$jORCID:0000-0001-9015-9610$$tROR:https://ror.org/01vj6ck58$$uINFN, Turin
002789806 700__ $$aSeger, Janet Elizabeth$$iINSPIRE-00124982$$jORCID:0000-0003-1423-6973$$tROR:https://ror.org/05wf30g94$$uCreighton U.
002789806 700__ $$aSekiguchi, Yuko$$iINSPIRE-00411670$$tROR:https://ror.org/057zh3y96$$uTokyo U.
002789806 700__ $$aSekihata, Daiki$$iINSPIRE-00522342$$tROR:https://ror.org/057zh3y96$$uTokyo U.
002789806 700__ $$aSelyuzhenkov, Ilya$$iINSPIRE-00049715$$tROR:https://ror.org/04w8z7f34$$tROR:https://ror.org/02k8cbn47$$uMoscow Phys. Eng. Inst.$$uDarmstadt, EMMI
002789806 700__ $$aSenyukov, Serhiy$$iINSPIRE-00270653$$jORCID:0000-0003-1907-9786$$tROR:https://ror.org/01g3mb532$$uStrasbourg, IPHC
002789806 700__ $$aSeo, Jin Joo$$jORCID:0000-0002-6368-3350$$tROR:https://ror.org/01easw929$$uInha U.
002789806 700__ $$aSerebryakov, Dmitry$$iINSPIRE-00663473$$tROR:https://ror.org/01a1xfd09$$uMoscow, INR
002789806 700__ $$aSerksnyte, Laura$$uTech. U., Munich (main)
002789806 700__ $$aSevcenco, Adrian$$iINSPIRE-00247771$$jORCID:0000-0002-4151-1056$$tROR:https://ror.org/054a6wv56$$uBucharest, Inst. Space Science
002789806 700__ $$aShaba, Tebogo Joyce$$jORCID:0000-0003-2290-9031$$tROR:https://ror.org/002kje223$$uiThemba LABS
002789806 700__ $$aShabanov, Arseniy$$iINSPIRE-00509394$$tROR:https://ror.org/01a1xfd09$$uMoscow, INR
002789806 700__ $$aShabetai, Alexandre$$iINSPIRE-00361563$$jORCID:0000-0003-3069-726X$$tROR:https://ror.org/01kxesq83$$uSUBATECH, Nantes
002789806 700__ $$aShahoyan, Ruben$$iINSPIRE-00125510$$tROR:https://ror.org/01ggx4157$$uCERN
002789806 700__ $$aShaikh, Wadut$$iINSPIRE-00574466$$tROR:https://ror.org/0491yz035$$uSaha Inst.
002789806 700__ $$aShangaraev, Artem$$iINSPIRE-00384482$$tROR:https://ror.org/03kn4xv14$$uSerpukhov, IHEP
002789806 700__ $$aSharma, Anjali$$iINSPIRE-00564690$$tROR:https://ror.org/04p2sbk06$$uPanjab U.
002789806 700__ $$aSharma, Himanshu$$tROR:https://ror.org/01n78t774$$uCracow, INP
002789806 700__ $$aSharma, Meenakshi$$iINSPIRE-00653610$$tROR:https://ror.org/02retg991$$uJammu U.
002789806 700__ $$aSharma, Natasha$$iINSPIRE-00291700$$tROR:https://ror.org/04p2sbk06$$uPanjab U.
002789806 700__ $$aSharma, Sheetal$$tROR:https://ror.org/02retg991$$uJammu U.
002789806 700__ $$aSharma, Upasana$$tROR:https://ror.org/02retg991$$uJammu U.
002789806 700__ $$aShatat, Afnan$$tROR:https://ror.org/03gc1p724$$uIJCLab, Orsay
002789806 700__ $$aSheibani, Oveis$$tROR:https://ror.org/048sx0r50$$uHouston U.
002789806 700__ $$aShigaki, Kenta$$iINSPIRE-00125910$$tROR:https://ror.org/03t78wx29$$uHiroshima U.
002789806 700__ $$aHachiya Shimomura, Maya$$iINSPIRE-00243055$$tROR:https://ror.org/05kzadn81$$uNara Women's U.
002789806 700__ $$aShirinkin, Sergey$$iINSPIRE-00577580$$tROR:https://ror.org/0238gz740$$uMoscow, ITEP
002789806 700__ $$aShou, Qiye$$iINSPIRE-00565745$$tROR:https://ror.org/013q1eq08$$uFudan U., Shanghai
002789806 700__ $$aSibiryak, Yury$$iINSPIRE-00250642$$tROR:https://ror.org/00n1nz186$$uKurchatov Inst., Moscow
002789806 700__ $$aSiddhanta, Sabyasachi$$iINSPIRE-00245363$$jORCID:0000-0002-0543-9245$$tROR:https://ror.org/03paz5966$$uINFN, Cagliari
002789806 700__ $$aSiemiarczuk, Teodor$$iINSPIRE-00291730$$tROR:https://ror.org/00nzsxq20$$uWarsaw, Inst. Nucl. Studies
002789806 700__ $$aFiorini Da Silva, Tiago$$jORCID:0000-0002-7643-2198$$tROR:https://ror.org/036rp1748$$uSao Paulo U.
002789806 700__ $$aSilvermyr, David Olle Rickard$$iINSPIRE-00003534$$jORCID:0000-0002-0526-5791$$tROR:https://ror.org/012a77v79$$uLund U.
002789806 700__ $$aSimantathammakul, Tawanchat$$tROR:https://ror.org/05sgb8g78$$uSuranaree U. of Tech.
002789806 700__ $$aSimonetti, Giuseppe$$iINSPIRE-00291749$$tROR:https://ror.org/01ggx4157$$uCERN
002789806 700__ $$aSingh, Bhawani$$uTech. U., Munich (main)
002789806 700__ $$aSingh, Ranbir$$iINSPIRE-00291757$$tROR:https://ror.org/02r2k1c68$$uNISER, Jatni
002789806 700__ $$aSingh, Randhir$$iINSPIRE-00653628$$jORCID:0000-0002-6904-9879$$tROR:https://ror.org/02retg991$$uJammu U.
002789806 700__ $$aSingh, Ravindra$$tROR:https://ror.org/01hhf7w52$$uIndian Inst. Tech., Indore
002789806 700__ $$aSingh, Vivek$$jORCID:0000-0002-5783-3551$$tROR:https://ror.org/01v4s0f07$$uCalcutta, VECC
002789806 700__ $$aSinghal, Vikas$$iINSPIRE-00246754$$tROR:https://ror.org/01v4s0f07$$uCalcutta, VECC
002789806 700__ $$aSarkar - Sinha, Tinku$$iINSPIRE-00244281$$tROR:https://ror.org/0491yz035$$uSaha Inst.
002789806 700__ $$aSitar, Branislav$$iINSPIRE-00244846$$tROR:https://ror.org/0587ef340$$uComenius U.
002789806 700__ $$aSitta, Mario$$iINSPIRE-00291781$$jORCID:0000-0002-4175-148X$$tROR:https://ror.org/04387x656$$uPiemonte Orientale U., Alessandria
002789806 700__ $$aSkaali, Bernhard$$iINSPIRE-00250655$$tROR:https://ror.org/01xtthb56$$uOslo U.
002789806 700__ $$aSkorodumovs, Georgijs$$tROR:https://ror.org/038t36y30$$uHeidelberg U.
002789806 700__ $$aSlupecki, Maciej$$iINSPIRE-00245476$$jORCID:0000-0003-2966-8445$$tROR:https://ror.org/01x2x1522$$uHelsinki Inst. of Phys.
002789806 700__ $$aSmirnov, Nikolai$$iINSPIRE-00183105$$jORCID:0000-0002-1361-0305$$tROR:https://ror.org/03v76x132$$uYale U.
002789806 700__ $$aSnellings, Raimond$$iINSPIRE-00127370$$jORCID:0000-0001-9720-0604$$tROR:https://ror.org/04pp8hn57$$uUtrecht U.
002789806 700__ $$aSoncco Meza, Carlos$$iINSPIRE-00649051$$tROR:https://ror.org/00013q465$$uLima, Pont. U. Catolica
002789806 700__ $$aSong, Jihye$$iINSPIRE-00291808$$jORCID:0000-0002-2847-2291$$tROR:https://ror.org/048sx0r50$$uHouston U.
002789806 700__ $$aSongmoolnak, Arnon$$iINSPIRE-00657857$$tROR:https://ror.org/05sgb8g78$$uSuranaree U. of Tech.
002789806 700__ $$aSoramel, Francesca$$iINSPIRE-00247643$$jORCID:0000-0002-1018-0987$$tROR:https://ror.org/00240q980$$uPadua U.$$uINFN, Padua
002789806 700__ $$aSorensen, Soren Pontoppidan$$iINSPIRE-00243132$$jORCID:0000-0002-5595-5643$$tROR:https://ror.org/020f3ap87$$uTennessee U.
002789806 700__ $$aSputowska, Iwona Anna$$iINSPIRE-00361599$$tROR:https://ror.org/01n78t774$$uCracow, INP
002789806 700__ $$aStachel, Johanna$$iINSPIRE-00128299$$jORCID:0000-0003-0750-6664$$tROR:https://ror.org/038t36y30$$uHeidelberg U.
002789806 700__ $$aStan, Ionel$$iINSPIRE-00291820$$tROR:https://ror.org/054a6wv56$$uBucharest, Inst. Space Science
002789806 700__ $$aSteffanic, Patrick John$$tROR:https://ror.org/020f3ap87$$uTennessee U.
002789806 700__ $$aStiefelmaier, Stephan Friedrich$$tROR:https://ror.org/038t36y30$$uHeidelberg U.
002789806 700__ $$aStocco, Diego$$iINSPIRE-00249962$$jORCID:0000-0002-5377-5163$$tROR:https://ror.org/01kxesq83$$uSUBATECH, Nantes
002789806 700__ $$aStorehaug, Ida$$tROR:https://ror.org/01xtthb56$$uOslo U.
002789806 700__ $$aStoretvedt, Maksim Melnik$$iINSPIRE-00646043$$tROR:https://ror.org/05phns765$$uBergen Coll. Higher Educ.
002789806 700__ $$aStratmann, Peter$$tROR:https://ror.org/00pd74e08$$uMunster U.
002789806 700__ $$aPliatskas Stylianidis, Christos$$tROR:https://ror.org/00f9tz983$$uNikhef, Amsterdam
002789806 700__ $$aAlarcon Do Passo Suaide, Alexandre$$iINSPIRE-00183172$$jORCID:0000-0003-2847-6556$$tROR:https://ror.org/036rp1748$$uSao Paulo U.
002789806 700__ $$aSuire, Christophe Pierre$$iINSPIRE-00243206$$jORCID:0000-0003-1675-503X$$tROR:https://ror.org/03gc1p724$$uIJCLab, Orsay
002789806 700__ $$aSukhanov, Mikhail$$tROR:https://ror.org/01a1xfd09$$uMoscow, INR
002789806 700__ $$aSuljic, Miljenko$$iINSPIRE-00531401$$jORCID:0000-0002-4490-1930$$tROR:https://ror.org/01ggx4157$$uCERN
002789806 700__ $$aSultanov, Rishat$$iINSPIRE-00361629$$tROR:https://ror.org/0238gz740$$uMoscow, ITEP
002789806 700__ $$aSumberia, Vikash$$tROR:https://ror.org/02retg991$$uJammu U.
002789806 700__ $$aSumowidagdo, Suharyo$$iINSPIRE-00129750$$jORCID:0000-0003-4252-8877$$tROR:https://ror.org/03d7c1451$$uJakarta LIPI, Indonesian Inst. Sci.
002789806 700__ $$aSwain, Sagarika$$iINSPIRE-00564717$$tROR:https://ror.org/01741jv66$$uBhubaneswar, Inst. Phys.
002789806 700__ $$aSzabo, Alexander$$iINSPIRE-00416943$$tROR:https://ror.org/0587ef340$$uComenius U.
002789806 700__ $$aSzarka, Imrich$$iINSPIRE-00290465$$tROR:https://ror.org/0587ef340$$uComenius U.
002789806 700__ $$aTabassam, Uzma$$iINSPIRE-00531415$$tROR:https://ror.org/00nqqvk19$$uCOMSATS, Islamabad
002789806 700__ $$aTaghavi, Seyed Farid$$uTech. U., Munich (main)
002789806 700__ $$aTaillepied, Guillaume$$jORCID:0000-0003-3470-2230$$tROR:https://ror.org/0214k6v65$$uClermont-Ferrand U.
002789806 700__ $$aTakahashi, Jun$$iINSPIRE-00183279$$jORCID:0000-0002-4091-1779$$tROR:https://ror.org/04wffgt70$$uCampinas State U.
002789806 700__ $$aTambave, Ganesh Jagannath$$iINSPIRE-00529619$$jORCID:0000-0001-7174-3379$$tROR:https://ror.org/03zga2b32$$uBergen U.
002789806 700__ $$aTang, Siyu$$jORCID:0000-0002-9413-9534$$tROR:https://ror.org/03x1jna21$$tROR:https://ror.org/0214k6v65$$uHua-Zhong Normal U.$$uClermont-Ferrand U.
002789806 700__ $$aTang, Zebo$$iINSPIRE-00183290$$jORCID:0000-0002-4247-0081$$tROR:https://ror.org/04c4dkn09$$uUSTC, Hefei
002789806 700__ $$aTapia Takaki, Daniel Jesus$$iINSPIRE-00024443$$tROR:https://ror.org/001tmjg57$$uKansas U.
002789806 700__ $$aTarhini, Mohamad$$iINSPIRE-00522518$$tROR:https://ror.org/01kxesq83$$uSUBATECH, Nantes
002789806 700__ $$aTarzila, Madalina-gabriela$$iINSPIRE-00416999$$tROR:https://ror.org/00d3pnh21$$uBucharest, IFIN-HH
002789806 700__ $$aTauro, Arturo$$iINSPIRE-00247582$$tROR:https://ror.org/01ggx4157$$uCERN
002789806 700__ $$aTejeda Munoz, Guillermo$$iINSPIRE-00247570$$jORCID:0000-0003-2184-3106$$tROR:https://ror.org/03p2z7827$$uPuebla U., Mexico
002789806 700__ $$aTelesca, Adriana$$iINSPIRE-00247569$$jORCID:0000-0002-6783-7230$$tROR:https://ror.org/01ggx4157$$uCERN
002789806 700__ $$aTerlizzi, Livia$$tROR:https://ror.org/048tbm396$$uTurin U.$$uINFN, Turin
002789806 700__ $$aTerrevoli, Cristina$$iINSPIRE-00246722$$jORCID:0000-0002-1318-684X$$tROR:https://ror.org/048sx0r50$$uHouston U.
002789806 700__ $$aTersimonov, Georgy$$tROR:https://ror.org/05q1wf970$$uBITP, Kiev
002789806 700__ $$aThakur, Sanchari$$iINSPIRE-00568433$$tROR:https://ror.org/01v4s0f07$$uCalcutta, VECC
002789806 700__ $$aThomas, Deepa$$iINSPIRE-00290473$$jORCID:0000-0003-3408-3097$$tROR:https://ror.org/00hj54h04$$uTexas U.
002789806 700__ $$aTieulent, Raphael Noel$$iINSPIRE-00244918$$jORCID:0000-0002-2106-5415$$tROR:https://ror.org/03z4c6358$$uIP2I, Lyon
002789806 700__ $$aTikhonov, Anatoly$$iINSPIRE-00560412$$tROR:https://ror.org/01a1xfd09$$uMoscow, INR
002789806 700__ $$aTimmins, Anthony Robert$$iINSPIRE-00183330$$tROR:https://ror.org/048sx0r50$$uHouston U.
002789806 700__ $$aTkacik, Milan$$uKosice Tech. U.
002789806 700__ $$aToia, Alberica$$iINSPIRE-00020233$$tROR:https://ror.org/04cvxnb49$$uFrankfurt U., Inst. Kernphys.
002789806 700__ $$aTopilskaya, Nataliya$$iINSPIRE-00585230$$tROR:https://ror.org/01a1xfd09$$uMoscow, INR
002789806 700__ $$aToppi, Marco$$iINSPIRE-00575047$$tROR:https://ror.org/049jf1a25$$uFrascati
002789806 700__ $$aTorales Acosta, Fernando$$iINSPIRE-00721639$$tROR:https://ror.org/01an7q238$$uUC, Berkeley
002789806 700__ $$aTork, Theraa$$jORCID:0000-0001-9753-329X$$tROR:https://ror.org/03gc1p724$$uIJCLab, Orsay
002789806 700__ $$aTrifiro, Antonio$$jORCID:0000-0003-1078-1157$$tROR:https://ror.org/05ctdxz19$$tROR:https://ror.org/02pq29p90$$uU. Messina$$uINFN, Catania
002789806 700__ $$aTripathy, Sushanta$$iINSPIRE-00564720$$jORCID:0000-0002-0061-5107$$tROR:https://ror.org/04j0x0h93$$tROR:https://ror.org/01tmp8f25$$uINFN, Bologna$$uMexico U., ICN
002789806 700__ $$aTripathy, Tulika$$iINSPIRE-00664575$$tROR:https://ror.org/02qyf5152$$uIndian Inst. Tech., Mumbai
002789806 700__ $$aTrogolo, Stefano$$iINSPIRE-00509971$$jORCID:0000-0001-7474-5361$$tROR:https://ror.org/00240q980$$tROR:https://ror.org/01ggx4157$$uPadua U.$$uINFN, Padua$$uCERN
002789806 700__ $$aTrubnikov, Victor$$iINSPIRE-00361654$$tROR:https://ror.org/05q1wf970$$uBITP, Kiev
002789806 700__ $$aTrzaska, Wladyslaw Henryk$$iINSPIRE-00244937$$tROR:https://ror.org/05n3dz165$$uJyvaskyla U.
002789806 700__ $$aTrzcinski, Tomasz Piotr$$iINSPIRE-00579762$$tROR:https://ror.org/00y0xnp53$$uWarsaw U. of Tech.
002789806 700__ $$aTumkin, Alexandr$$iINSPIRE-00246709$$tROR:https://ror.org/0560q5470$$uRFNC-VNIIEF, Sarov
002789806 700__ $$aTurrisi, Rosario$$iINSPIRE-00247492$$jORCID:0000-0002-5272-337X$$tROR:https://ror.org/00z34yn88$$uINFN, Padua
002789806 700__ $$aTveter, Trine Spedstad$$iINSPIRE-00285490$$tROR:https://ror.org/01xtthb56$$uOslo U.
002789806 700__ $$aUllaland, Kjetil$$iINSPIRE-00246697$$jORCID:0000-0002-0002-8834$$tROR:https://ror.org/03zga2b32$$uBergen U.
002789806 700__ $$aUras, Antonio$$iINSPIRE-00247480$$jORCID:0000-0001-7552-0228$$tROR:https://ror.org/03z4c6358$$uIP2I, Lyon
002789806 700__ $$aUrioni, Marta$$tROR:https://ror.org/01st30669$$tROR:https://ror.org/02q2d2610$$uINFN, Pavia$$uU. Brescia
002789806 700__ $$aUsai, Gianluca$$iINSPIRE-00250690$$jORCID:0000-0002-8659-8378$$tROR:https://ror.org/003109y17$$uCagliari U.$$uINFN, Cagliari
002789806 700__ $$aVala, Martin$$iINSPIRE-00246641$$tROR:https://ror.org/039965637$$uKosice U.
002789806 700__ $$aValle, Nicolo'$$iINSPIRE-00658628$$tROR:https://ror.org/00s6t1f81$$uPavia U.
002789806 700__ $$aVallero, Sara$$iINSPIRE-00290520$$jORCID:0000-0003-1264-9651$$tROR:https://ror.org/01vj6ck58$$uINFN, Turin
002789806 700__ $$aVan Doremalen, Lennart$$iINSPIRE-00585870$$tROR:https://ror.org/04pp8hn57$$uUtrecht U.
002789806 700__ $$aVan Leeuwen, Marco$$iINSPIRE-00183392$$jORCID:0000-0002-5222-4888$$tROR:https://ror.org/00f9tz983$$uNikhef, Amsterdam
002789806 700__ $$aVande Vyvre, Pierre$$iINSPIRE-00250736$$jORCID:0000-0001-7277-7706$$tROR:https://ror.org/01ggx4157$$uCERN
002789806 700__ $$aVarga, Dezso$$iINSPIRE-00510156$$jORCID:0000-0002-2450-1331$$tROR:https://ror.org/035dsb084$$uWigner RCP, Budapest
002789806 700__ $$aVarga, Zoltan$$jORCID:0000-0002-1501-5569$$tROR:https://ror.org/035dsb084$$uWigner RCP, Budapest
002789806 700__ $$aVarga-kofarago, Monika$$iINSPIRE-00410392$$jORCID:0000-0002-5638-4440$$tROR:https://ror.org/035dsb084$$uWigner RCP, Budapest
002789806 700__ $$aVasileiou, Maria$$iINSPIRE-00246199$$jORCID:0000-0002-3160-8524$$tROR:https://ror.org/04gnjpq42$$uAthens U.
002789806 700__ $$aVasiliev, Andrey$$iINSPIRE-00261815$$tROR:https://ror.org/00n1nz186$$uKurchatov Inst., Moscow
002789806 700__ $$aVazquez Doce, Oton$$iINSPIRE-00560426$$jORCID:0000-0001-6459-8134$$tROR:https://ror.org/049jf1a25$$uFrascati$$uTech. U., Munich (main)
002789806 700__ $$aVechernin, Vladimir$$iINSPIRE-00283701$$jORCID:0000-0003-1458-8055$$tROR:https://ror.org/023znxa73$$uSt. Petersburg State U.
002789806 700__ $$aVelure, Arild$$iINSPIRE-00384801$$jORCID:0000-0002-2708-6444$$tROR:https://ror.org/03zga2b32$$uBergen U.
002789806 700__ $$aVercellin, Ermanno$$iINSPIRE-00250700$$jORCID:0000-0002-9030-5347$$tROR:https://ror.org/048tbm396$$uTurin U.$$uINFN, Turin
002789806 700__ $$aVergara Limon, Sergio$$iINSPIRE-00247455$$tROR:https://ror.org/03p2z7827$$uPuebla U., Mexico
002789806 700__ $$aVermunt, Lucas Anne$$iINSPIRE-00651340$$tROR:https://ror.org/04pp8hn57$$uUtrecht U.
002789806 700__ $$aVertesi, Robert$$iINSPIRE-00243380$$jORCID:0000-0003-3706-5265$$tROR:https://ror.org/035dsb084$$uWigner RCP, Budapest
002789806 700__ $$aVerweij, Marta$$iINSPIRE-00246685$$tROR:https://ror.org/04pp8hn57$$uUtrecht U.
002789806 700__ $$aVickovic, Linda$$iINSPIRE-00247431$$uSplit Tech. U.
002789806 700__ $$aVilakazi, Zabulon$$iINSPIRE-00217131$$tROR:https://ror.org/03rp50x72$$uWitwatersrand U.
002789806 700__ $$aVillalobos Baillie, Orlando$$iINSPIRE-00063894$$tROR:https://ror.org/03angcq70$$uBirmingham U.
002789806 700__ $$aVino, Gioacchino$$iINSPIRE-00662516$$tROR:https://ror.org/022hq6c49$$uINFN, Bari
002789806 700__ $$aVinogradov, Alexander$$iINSPIRE-00140395$$tROR:https://ror.org/00n1nz186$$uKurchatov Inst., Moscow
002789806 700__ $$aVirgili, Tiziano$$iINSPIRE-00140087$$jORCID:0000-0003-0471-7052$$tROR:https://ror.org/0192m2k53$$uSalerno U.$$uINFN, Salerno
002789806 700__ $$aVislavicius, Vytautas$$iINSPIRE-00510339$$tROR:https://ror.org/035b05819$$uBohr Inst.
002789806 700__ $$aVodopyanov, Alexander$$iINSPIRE-00244970$$tROR:https://ror.org/044yd9t77$$uDubna, JINR
002789806 700__ $$aVoelkel, Benedikt$$iINSPIRE-00661456$$tROR:https://ror.org/01ggx4157$$tROR:https://ror.org/038t36y30$$uCERN$$uHeidelberg U.
002789806 700__ $$aVolkl, Martin Andreas$$iINSPIRE-00384877$$jORCID:0000-0002-3478-4259$$tROR:https://ror.org/038t36y30$$uHeidelberg U.
002789806 700__ $$aVoloshin, Kirill$$iINSPIRE-00290650$$tROR:https://ror.org/0238gz740$$uMoscow, ITEP
002789806 700__ $$aVoloshin, Sergey$$iINSPIRE-00134264$$tROR:https://ror.org/01070mq45$$uWayne State U.
002789806 700__ $$aVolpe, Giacomo$$iINSPIRE-00247428$$jORCID:0000-0002-2921-2475$$tROR:https://ror.org/027ynra39$$uBari U.$$uINFN, Bari
002789806 700__ $$aVon Haller, Barthelemy$$iINSPIRE-00247416$$jORCID:0000-0002-3422-4585$$tROR:https://ror.org/01ggx4157$$uCERN
002789806 700__ $$aVorobyev, Ivan$$iINSPIRE-00361666$$jORCID:0000-0002-2218-6905$$uTech. U., Munich (main)
002789806 700__ $$aVozniuk, Nikita$$tROR:https://ror.org/01a1xfd09$$uMoscow, INR
002789806 700__ $$aVrlakova, Janka$$iINSPIRE-00244985$$tROR:https://ror.org/039965637$$uKosice U.
002789806 700__ $$aWagner, Boris$$iINSPIRE-00244999$$tROR:https://ror.org/03zga2b32$$uBergen U.
002789806 700__ $$aWang, Chunzheng$$tROR:https://ror.org/013q1eq08$$uFudan U., Shanghai
002789806 700__ $$aWang, Dongfang$$tROR:https://ror.org/013q1eq08$$uFudan U., Shanghai
002789806 700__ $$aWeber, Michael$$iINSPIRE-00349115$$jORCID:0000-0001-5742-294X$$tROR:https://ror.org/05kdjqf72$$uStefan Meyer Inst. Subatomare Phys.
002789806 700__ $$aVan Weelden, Roelof Jan Gijs$$tROR:https://ror.org/00f9tz983$$uNikhef, Amsterdam
002789806 700__ $$aWegrzynek, Adam Tadeusz$$iINSPIRE-00572414$$jORCID:0000-0002-3155-0887$$tROR:https://ror.org/01ggx4157$$uCERN
002789806 700__ $$aWenzel, Sandro Christian$$iINSPIRE-00287872$$tROR:https://ror.org/01ggx4157$$uCERN
002789806 700__ $$aWessels, Johannes Peter$$iINSPIRE-00178848$$jORCID:0000-0003-1339-286X$$tROR:https://ror.org/00pd74e08$$uMunster U.
002789806 700__ $$aWiechula, Jens$$iINSPIRE-00290727$$tROR:https://ror.org/04cvxnb49$$uFrankfurt U., Inst. Kernphys.
002789806 700__ $$aWikne, Jon$$iINSPIRE-00250749$$tROR:https://ror.org/01xtthb56$$uOslo U.
002789806 700__ $$aWilk, Grzegorz Andrzej$$iINSPIRE-00135952$$tROR:https://ror.org/00nzsxq20$$uWarsaw, Inst. Nucl. Studies
002789806 700__ $$aWilkinson, Jeremy John$$iINSPIRE-00385005$$jORCID:0000-0003-0689-2858$$tROR:https://ror.org/02k8cbn47$$uDarmstadt, EMMI
002789806 700__ $$aWillems, Guido Alexander$$iINSPIRE-00564789$$tROR:https://ror.org/00pd74e08$$uMunster U.
002789806 700__ $$aWindelband, Bernd Stefan$$iINSPIRE-00246650$$tROR:https://ror.org/038t36y30$$uHeidelberg U.
002789806 700__ $$aWinn, Michael Andreas$$iINSPIRE-00385042$$jORCID:0000-0002-2207-0101$$tROR:https://ror.org/05k705z76$$uIRFU, Saclay
002789806 700__ $$aWitt, William Edward$$iINSPIRE-00564770$$tROR:https://ror.org/020f3ap87$$uTennessee U.
002789806 700__ $$aWright, Josephina Rae$$tROR:https://ror.org/00hj54h04$$uTexas U.
002789806 700__ $$aWu, Wenya$$tROR:https://ror.org/013q1eq08$$uFudan U., Shanghai
002789806 700__ $$aWu, Yitao$$iINSPIRE-00663184$$tROR:https://ror.org/04c4dkn09$$uUSTC, Hefei
002789806 700__ $$aXu, Ran$$iINSPIRE-00651767$$tROR:https://ror.org/03x1jna21$$uHua-Zhong Normal U.
002789806 700__ $$aYadav, Arun Kumar$$tROR:https://ror.org/01v4s0f07$$uCalcutta, VECC
002789806 700__ $$aYalcin Kuzu, Serpil$$iINSPIRE-00412449$$tROR:https://ror.org/054341q84$$uKaratay U.
002789806 700__ $$aYamaguchi, Yorito$$iINSPIRE-00243470$$tROR:https://ror.org/03t78wx29$$uHiroshima U.
002789806 700__ $$aYamakawa, Kosei$$iINSPIRE-00639310$$tROR:https://ror.org/03t78wx29$$uHiroshima U.
002789806 700__ $$aYang, Shiming$$iINSPIRE-00361678$$tROR:https://ror.org/03zga2b32$$uBergen U.
002789806 700__ $$aYano, Satoshi$$iINSPIRE-00385135$$tROR:https://ror.org/03t78wx29$$uHiroshima U.
002789806 700__ $$aYin, Zhongbao$$iINSPIRE-00245030$$jORCID:0000-0003-4532-7544$$tROR:https://ror.org/03x1jna21$$uHua-Zhong Normal U.
002789806 700__ $$aYoo, In Kwon$$iINSPIRE-00183678$$tROR:https://ror.org/01an57a31$$uPusan Natl. U.
002789806 700__ $$aYoon, Jin Hee$$iINSPIRE-00537195$$jORCID:0000-0001-7676-0821$$tROR:https://ror.org/01easw929$$uInha U.
002789806 700__ $$aYuan, Shiming$$iINSPIRE-00661140$$tROR:https://ror.org/03zga2b32$$uBergen U.
002789806 700__ $$aYuncu, Alperen$$tROR:https://ror.org/038t36y30$$uHeidelberg U.
002789806 700__ $$aZaccolo, Valentina$$iINSPIRE-00361691$$jORCID:0000-0003-3128-3157$$tROR:https://ror.org/02n742c10$$uTrieste U.$$uINFN, Trieste
002789806 700__ $$aZampolli, Chiara$$iINSPIRE-00247387$$jORCID:0000-0002-2608-4834$$tROR:https://ror.org/01ggx4157$$uCERN
002789806 700__ $$aCorreia Zanoli, Henrique Jose$$iINSPIRE-00510636$$tROR:https://ror.org/04pp8hn57$$uUtrecht U.
002789806 700__ $$aZardoshti, Nima$$iINSPIRE-00522360$$tROR:https://ror.org/01ggx4157$$uCERN
002789806 700__ $$aZarochentsev, Andrey$$iINSPIRE-00246638$$jORCID:0000-0002-3502-8084$$tROR:https://ror.org/023znxa73$$uSt. Petersburg State U.
002789806 700__ $$aZavada, Petr$$iINSPIRE-00138107$$tROR:https://ror.org/02yhj4v17$$uPrague, Inst. Phys.
002789806 700__ $$aZavyalov, Nikolay$$iINSPIRE-00290800$$tROR:https://ror.org/0560q5470$$uRFNC-VNIIEF, Sarov
002789806 700__ $$aZhalov, Mikhail$$iINSPIRE-00254612$$tROR:https://ror.org/037styt87$$uSt. Petersburg, INP
002789806 700__ $$aZhang, Biao$$tROR:https://ror.org/03x1jna21$$uHua-Zhong Normal U.
002789806 700__ $$aZhang, Song$$tROR:https://ror.org/013q1eq08$$uFudan U., Shanghai
002789806 700__ $$aZhang, Xiaoming$$iINSPIRE-00290818$$jORCID:0000-0002-1881-8711$$tROR:https://ror.org/03x1jna21$$uHua-Zhong Normal U.
002789806 700__ $$aZhang, Yifei$$iINSPIRE-00183767$$tROR:https://ror.org/04c4dkn09$$uUSTC, Hefei
002789806 700__ $$aZherebchevskii, Vladimir$$iINSPIRE-00639969$$tROR:https://ror.org/023znxa73$$uSt. Petersburg State U.
002789806 700__ $$aYu, Zhi$$tROR:https://ror.org/00v5gqm66$$uBeijing, Inst. Atomic Energy
002789806 700__ $$aZhigareva, Natalia$$iINSPIRE-00385354$$tROR:https://ror.org/0238gz740$$uMoscow, ITEP
002789806 700__ $$aZhou, Daicui$$iINSPIRE-00290834$$tROR:https://ror.org/03x1jna21$$uHua-Zhong Normal U.
002789806 700__ $$aZhou, You$$iINSPIRE-00290856$$jORCID:0000-0002-7868-6706$$tROR:https://ror.org/035b05819$$uBohr Inst.
002789806 700__ $$aZhu, Jianhui$$iINSPIRE-00361715$$tROR:https://ror.org/03x1jna21$$tROR:https://ror.org/02k8cbn47$$uHua-Zhong Normal U.$$uDarmstadt, EMMI
002789806 700__ $$aZhu, Ya$$iINSPIRE-00651777$$tROR:https://ror.org/03x1jna21$$uHua-Zhong Normal U.
002789806 700__ $$aZinovjev, Gennady$$iINSPIRE-00290880$$tROR:https://ror.org/05q1wf970$$uBITP, Kiev
002789806 700__ $$aZurlo, Nicola$$iINSPIRE-02700471$$jORCID:0000-0002-7478-2493$$tROR:https://ror.org/01st30669$$tROR:https://ror.org/02q2d2610$$uINFN, Pavia$$uU. Brescia
002789806 710__ $$5PH
002789806 710__ $$gALICE Collaboration
002789806 773__ $$c137393$$mpublication$$pPhys. Lett. B$$v834$$y2022
002789806 859__ $$fyvonne.chiara.pachmayer@cern.ch
002789806 8564_ $$82332375$$s426314$$uhttps://cds.cern.ch/record/2789806/files/CERN-EP-DRAFT-ALICE-2021-041 - draft.pdf$$yDraft (restricted)$$zStamped by WebSubmit: 05/11/2021
002789806 8564_ $$82338096$$s365261$$uhttps://cds.cern.ch/record/2789806/files/2111.06106.pdf$$yFulltext
002789806 8564_ $$82338097$$s46944$$uhttps://cds.cern.ch/record/2789806/files/Fig2.png$$y00001 Centrality dependence of $\rho \left(v_{\rm 2}^{2}, v_{\rm 3}^{2}, [ p_{\rm T} ] \right)$ in Pb--Pb collisions, shown by the solid circles. The statistical (systematic) uncertainties are shown as vertical bars (boxes). The initial-state estimations (ISE) as well as IP-Glasma+MUSIC+UrQMD~\cite{Schenke:2020uqq} and v-USPhydro~\cite{Giacalone:2020dln} hydrodynamic model calculations are compared with data.
002789806 8564_ $$82338098$$s71851$$uhttps://cds.cern.ch/record/2789806/files/Fig1a.png$$y00000 Centrality dependence of $\rho \left(v_{\rm 2}^{2}, [ p_{\rm T} ] \right)$ (left) and $\rho \left(v_{\rm 3}^{2}, [ p_{\rm T} ] \right)$ (right) in Pb--Pb  at $\sqrt{s_{\rm NN}} = 5.02$~TeV (a, c) and Xe--Xe collisions $\sqrt{s_{\rm NN}} = 5.44$~TeV (b, d). The statistical (systematic) uncertainties are shown as vertical bars (filled boxes). The initial-state estimations (ISE) are represented by lines, while IP-Glasma+MUSIC+UrQMD~\cite{Schenke:2020uqq},  v-USPhydro~\cite{Giacalone:2020dln}, Trajectum~\cite{Nijs:2020ors}, and JETSCAPE~\cite{JETSCAPE:2020shq} hydrodynamic model calculations are shown with hatched bands.
002789806 8564_ $$82338099$$s68698$$uhttps://cds.cern.ch/record/2789806/files/Fig1b.png$$y00001 Centrality dependence of $\rho \left(v_{\rm 2}^{2}, [ p_{\rm T} ] \right)$ (left) and $\rho \left(v_{\rm 3}^{2}, [ p_{\rm T} ] \right)$ (right) in Pb--Pb  at $\sqrt{s_{\rm NN}} = 5.02$~TeV (a, c) and Xe--Xe collisions $\sqrt{s_{\rm NN}} = 5.44$~TeV (b, d). The statistical (systematic) uncertainties are shown as vertical bars (filled boxes). The initial-state estimations (ISE) are represented by lines, while IP-Glasma+MUSIC+UrQMD~\cite{Schenke:2020uqq},  v-USPhydro~\cite{Giacalone:2020dln}, Trajectum~\cite{Nijs:2020ors}, and JETSCAPE~\cite{JETSCAPE:2020shq} hydrodynamic model calculations are shown with hatched bands.
002789806 8564_ $$82387452$$s1043082$$uhttps://cds.cern.ch/record/2789806/files/Publication.pdf$$yFulltext
002789806 8564_ $$82387452$$s15159$$uhttps://cds.cern.ch/record/2789806/files/Publication.gif?subformat=icon$$xicon$$yFulltext
002789806 8564_ $$82387452$$s176072$$uhttps://cds.cern.ch/record/2789806/files/Publication.jpg?subformat=icon-700$$xicon-700$$yFulltext
002789806 8564_ $$82387452$$s19022$$uhttps://cds.cern.ch/record/2789806/files/Publication.jpg?subformat=icon-180$$xicon-180$$yFulltext
002789806 8564_ $$82423676$$s62515$$uhttps://cds.cern.ch/record/2789806/files/Fig1.png$$y00000 Centrality dependence of $\rho \left(v_{\rm 2}^{2}, [ p_{\rm T} ] \right)$ (top) and $\rho \left(v_{\rm 3}^{2}, [ p_{\rm T} ] \right)$ (bottom) in Pb--Pb collisions at $\sqrt{s_{_{\rm NN}}} = 5.02$~TeV (a,c) and Xe--Xe collisions at $\sqrt{s_{_{\rm NN}}} = 5.44$~TeV (b, d). The statistical (systematic) uncertainties are shown as vertical bars (filled boxes). The initial-state estimations (ISE) are represented by lines, while IP-Glasma+MUSIC+UrQMD~\cite{Schenke:2020uqq},  v-USPhydro~\cite{Giacalone:2020dln}, Trajectum~\cite{Nijs:2020ors}, and JETSCAPE~\cite{JETSCAPE:2020shq} hydrodynamic model calculations are shown with hatched bands.
002789806 9031_ $$aApproval requested for number CERN-EP-2021-232$$bCERN-EP-2021-232$$cEPPHAPP$$d2021-11-05 16:21:07$$e2021-11-12 16:21:07$$fyvonne.chiara.pachmayer@cern.ch$$swaiting
002789806 9031_ $$aDocument approved$$bCERN-EP-2021-232$$cEPPHAPP$$d2021-11-05 16:24:37$$froger.forty@cern.ch$$sapproved
002789806 916__ $$sn$$w202144
002789806 960__ $$a13
002789806 981__ $$a2790425
002789806 980__ $$aALICE_Papers
002789806 980__ $$aARTICLE